Statistieken voor Zoek het Geheime Land met Kleurenhints - Random!

Klik hier om de quiz te nemen!

Algemene statistieken

  • Deze quiz is 40.956 keer genomen
  • De gemiddelde score is 48 van 196

Antwoorden op de kaart

Antwoorden kleurgecodeerd door een groen-rode schaal op de quizkaart volgens % correct hieronder.
 

Antwoordstatistieken

LandLand% Correct
LandNederland
93%
LandBelgië
89%
LandCanada
89%
LandVerenigde Staten
89%
LandDuitsland
88%
LandArgentinië
86%
LandDenemarken
86%
LandMexico
86%
LandNederland
86%
LandNoorwegen
86%
LandZweden
86%
LandBrazilië
85%
LandChili
85%
LandFrankrijk
85%
LandIJsland
85%
LandSpanje
85%
LandBelarus
84%
LandCuba
84%
LandItalië
84%
LandLuxemburg
84%
LandPortugal
84%
LandTsjechië
84%
LandAlgerije
83%
LandAustralië
83%
LandBelize
83%
LandBolivia
83%
LandBulgarije
83%
LandChina
83%
LandEcuador
83%
LandEl Salvador
83%
LandFiji
83%
LandFinland
83%
LandGuatemala
83%
LandGuyana
83%
LandHonduras
83%
LandJamaica
83%
LandJapan
83%
LandKroatië
83%
LandLetland
83%
LandLiechtenstein
83%
LandMalta
83%
LandMarokko
83%
LandNicaragua
83%
LandNieuw-Zeeland
83%
LandNiger
83%
LandNigeria
83%
LandOekraïne
83%
LandOostenrijk
83%
LandPakistan
83%
LandPanama
83%
LandPeru
83%
LandPolen
83%
LandSlovenië
83%
LandSlowakije
83%
LandSoedan
83%
LandTaiwan
83%
Land Uruguay
83%
LandVerenigde Arabische
Emiraten
83%
LandVerenigd Koninkrijk
83%
LandZwitserland
83%
LandAfghanistan
81%
LandAlbanië
81%
LandAndorra
81%
LandAngola
81%
LandAntigua en Barbuda
81%
LandArmenië
81%
LandAzerbeidzjan
81%
LandBahama's
81%
LandBahrein
81%
LandBangladesh
81%
LandBarbados
81%
LandBenin
81%
LandBhutan
81%
LandBosnië
en Herzegovina
81%
LandBotswana
81%
LandBrunei
81%
LandBurkina Faso
81%
LandBurundi
81%
LandCambodja
81%
LandCentraal-Afrikaanse
Republiek
81%
LandColombia
81%
LandComoren
81%
LandCosta Rica
81%
LandCyprus
81%
LandDemocratische Republiek Congo
81%
LandDjibouti
81%
LandDominica
81%
LandDominicaanse Republiek
81%
LandEgypte
81%
LandEquatoriaal-Guinea
81%
LandEritrea
81%
LandEstland
81%
LandEswatini
81%
LandEthiopië
81%
LandFilipijnen
81%
LandGabon
81%
LandGambia
81%
LandGeheime Land
81%
LandGeorgië
81%
LandGhana
81%
LandGrenada
81%
LandGriekenland
81%
LandGuinee
81%
LandGuinee-Bissau
81%
LandHaïti
81%
LandHongarije
81%
LandIerland
81%
LandIndia
81%
LandIndonesië
81%
LandIrak
81%
LandIran
81%
LandIsraël
81%
LandIvoorkust
81%
LandJemen
81%
LandJordanië
81%
LandKaapverdië
81%
LandKameroen
81%
LandKazachstan
81%
LandKenia
81%
LandKirgizië
81%
LandKiribati
81%
LandKoeweit
81%
LandKosovo
81%
LandLaos
81%
LandLesotho
81%
LandLibanon
81%
LandLiberia
81%
LandLibië
81%
LandLitouwen
81%
LandMadagaskar
81%
LandMalawi
81%
LandMaldiven
81%
LandMaleisië
81%
LandMali
81%
LandMarshalleilanden
81%
LandMauritanië
81%
LandMauritius
81%
LandMicronesia
81%
LandMoldavië
81%
LandMonaco
81%
LandMongolië
81%
LandMontenegro
81%
LandMozambique
81%
LandMyanmar
81%
LandNamibië
81%
LandNauru
81%
LandNepal
81%
LandNoord-Korea
81%
LandNoord-Macedonië
81%
LandOeganda
81%
LandOezbekistan
81%
LandOman
81%
LandOost-Timor
81%
LandPalau
81%
LandPapoea-Nieuw-Guinea
81%
LandParaguay
81%
LandQatar
81%
LandRepubliek Congo
81%
LandRoemenië
81%
LandRwanda
81%
LandSaint Kitts en Nevis
81%
LandSaint Lucia
81%
LandSaint Vincent en de
Grenadines
81%
LandSalomonseilanden
81%
LandSamoa
81%
LandSan Marino
81%
LandSaoedi-Arabië
81%
LandSao Tomé en Principe
81%
LandSenegal
81%
LandServië
81%
LandSeychellen
81%
LandSierra Leone
81%
LandSingapore
81%
LandSomalië
81%
LandSri Lanka
81%
LandSuriname
81%
LandSyrië
81%
LandTadzjikistan
81%
LandTanzania
81%
LandThailand
81%
LandTogo
81%
LandTonga
81%
LandTrinidad en Tobago
81%
LandTsjaad
81%
LandTunesië
81%
LandTurkije
81%
LandTurkmenistan
81%
LandTuvalu
81%
LandVanuatu
81%
LandVaticaanstad
81%
LandVenezuela
81%
LandVietnam
81%
LandZambia
81%
LandZimbabwe
81%
LandZuid-Afrika
81%
LandZuid-Korea
81%
LandZuid-Soedan
81%
LandBelgië
80%
LandRusland
80%
LandNederland
79%
LandRusland
79%
LandChina
78%
LandNederland
78%
LandNederland
77%
LandBelgië
76%
LandRusland
76%
LandVerenigde Staten
76%
LandBelgië
75%
LandNederland
75%
LandNederland
73%
LandCanada
72%
LandDuitsland
72%
LandRusland
72%
LandChina
71%
LandNederland
71%
LandRusland
71%
LandChina
70%
LandDuitsland
70%
LandRusland
70%
LandBelgië
69%
LandFrankrijk
69%
LandNederland
69%
LandRusland
69%
LandBelgië
68%
LandChina
68%
LandMongolië
68%
LandNederland
68%
LandBelgië
67%
LandFrankrijk
67%
LandMexico
67%
LandNederland
67%
LandVerenigde Staten
67%
LandZuid-Afrika
67%
LandChina
66%
LandLuxemburg
66%
LandRusland
66%
LandVerenigde Staten
66%
LandVerenigd Koninkrijk
66%
LandAustralië
65%
LandBelgië
65%
LandFrankrijk
65%
LandNederland
65%
LandRusland
65%
LandVerenigd Koninkrijk
65%
LandDuitsland
64%
LandFrankrijk
64%
LandKazachstan
64%
LandNederland
64%
LandPolen
64%
LandRusland
64%
LandZweden
64%
LandBelgië
63%
LandChina
63%
LandCuba
63%
LandDuitsland
63%
LandFrankrijk
63%
LandIJsland
63%
LandIndia
63%
LandItalië
63%
LandNederland
63%
LandNoord-Korea
63%
LandOekraïne
63%
LandOostenrijk
63%
LandPolen
63%
LandRusland
63%
LandSpanje
63%
LandZwitserland
63%
LandChina
62%
LandPolen
62%
LandRusland
62%
LandBelgië
61%
LandChina
61%
LandDemocratische Republiek Congo
61%
LandDenemarken
61%
LandMongolië
61%
LandNoorwegen
61%
LandRepubliek Congo
61%
LandAfghanistan
60%
LandBelarus
60%
LandBelgië
60%
LandChina
60%
LandColombia
60%
LandEgypte
60%
LandFilipijnen
60%
LandFinland
60%
LandIndonesië
60%
LandIran
60%
LandJamaica
60%
LandMadagaskar
60%
LandMongolië
60%
LandNederland
60%
LandNepal
60%
LandNieuw-Zeeland
60%
LandOostenrijk
60%
LandPapoea-Nieuw-Guinea
60%
LandPolen
60%
LandPortugal
60%
LandThailand
60%
LandTurkije
60%
LandZweden
60%
LandBrazilië
59%
LandCanada
59%
LandChina
59%
LandDenemarken
59%
LandDuitsland
59%
LandFrankrijk
59%
LandNederland
59%
LandNoorwegen
59%
LandRusland
59%
LandSlovenië
59%
LandVerenigde Staten
59%
LandArgentinië
58%
LandAustralië
58%
LandBahama's
58%
LandBangladesh
58%
LandBarbados
58%
LandBelgië
58%
LandBrazilië
58%
LandBrunei
58%
LandBulgarije
58%
LandBurkina Faso
58%
LandChili
58%
LandChina
58%
LandEswatini
58%
LandFiji
58%
LandFrankrijk
58%
LandGhana
58%
LandGriekenland
58%
LandHaïti
58%
LandHonduras
58%
LandIndia
58%
LandIrak
58%
LandIsraël
58%
LandItalië
58%
LandKameroen
58%
LandKenia
58%
LandMalawi
58%
LandMaleisië
58%
LandMalta
58%
LandMarokko
58%
LandMicronesia
58%
LandMoldavië
58%
LandMyanmar
58%
LandNamibië
58%
LandNederland
58%
LandNoorwegen
58%
LandOezbekistan
58%
LandPakistan
58%
LandPalau
58%
LandQatar
58%
LandRoemenië
58%
LandRusland
58%
LandSaoedi-Arabië
58%
LandSeychellen
58%
LandSingapore
58%
LandSoedan
58%
LandSpanje
58%
LandTanzania
58%
LandTsjechië
58%
LandTurkmenistan
58%
Land Uruguay
58%
LandVanuatu
58%
LandVenezuela
58%
LandVerenigde Staten
58%
LandZimbabwe
58%
LandZuid-Korea
58%
LandZwitserland
58%
LandAlbanië
57%
LandAlgerije
57%
LandAndorra
57%
LandAngola
57%
LandAntigua en Barbuda
57%
LandArmenië
57%
LandAzerbeidzjan
57%
LandBahrein
57%
LandBelgië
57%
LandBelize
57%
LandBenin
57%
LandBhutan
57%
LandBolivia
57%
LandBosnië
en Herzegovina
57%
LandBotswana
57%
LandBurundi
57%
LandCambodja
57%
LandCentraal-Afrikaanse
Republiek
57%
LandChili
57%
LandComoren
57%
LandCosta Rica
57%
LandCyprus
57%
LandDjibouti
57%
LandDominica
57%
LandDominicaanse Republiek
57%
LandDuitsland
57%
LandEcuador
57%
LandEl Salvador
57%
LandEquatoriaal-Guinea
57%
LandEritrea
57%
LandEstland
57%
LandEthiopië
57%
LandGabon
57%
LandGambia
57%
LandGeheime Land
57%
LandGeorgië
57%
LandGrenada
57%
LandGuatemala
57%
LandGuinee
57%
LandGuinee-Bissau
57%
LandGuyana
57%
LandHongarije
57%
LandIerland
57%
LandIJsland
57%
LandIvoorkust
57%
LandJemen
57%
LandJordanië
57%
LandKaapverdië
57%
LandKirgizië
57%
LandKiribati
57%
LandKoeweit
57%
LandKosovo
57%
LandKroatië
57%
LandLaos
57%
LandLesotho
57%
LandLetland
57%
LandLibanon
57%
LandLiberia
57%
LandLibië
57%
LandLiechtenstein
57%
LandLitouwen
57%
LandLuxemburg
57%
LandMaldiven
57%
LandMali
57%
LandMalta
57%
LandMarshalleilanden
57%
LandMauritanië
57%
LandMauritius
57%
LandMonaco
57%
LandMongolië
57%
LandMontenegro
57%
LandMozambique
57%
LandNauru
57%
LandNederland
57%
LandNicaragua
57%
LandNiger
57%
LandNigeria
57%
LandNoord-Macedonië
57%
LandOeganda
57%
LandOman
57%
LandOost-Timor
57%
LandPanama
57%
LandParaguay
57%
LandPeru
57%
LandRusland
57%
LandRwanda
57%
LandSaint Kitts en Nevis
57%
LandSaint Lucia
57%
LandSaint Vincent en de
Grenadines
57%
LandSalomonseilanden
57%
LandSamoa
57%
LandSan Marino
57%
LandSao Tomé en Principe
57%
LandSenegal
57%
LandServië
57%
LandSierra Leone
57%
LandSlovenië
57%
LandSlowakije
57%
LandSomalië
57%
LandSri Lanka
57%
LandSuriname
57%
LandSyrië
57%
LandTadzjikistan
57%
LandTaiwan
57%
LandTogo
57%
LandTonga
57%
LandTrinidad en Tobago
57%
LandTsjaad
57%
LandTsjechië
57%
LandTunesië
57%
LandTuvalu
57%
LandVaticaanstad
57%
LandVerenigde Arabische
Emiraten
57%
LandVerenigde Staten
57%
LandVietnam
57%
LandZambia
57%
LandZuid-Soedan
57%
LandZweden
57%
LandAustralië
56%
LandBrazilië
56%
LandCanada
56%
LandChina
56%
LandDuitsland
56%
LandFinland
56%
LandFrankrijk
56%
LandItalië
56%
LandJapan
56%
LandNederland
56%
LandOekraïne
56%
LandPolen
56%
LandRusland
56%
LandSpanje
56%
LandVerenigde Staten
56%
LandVerenigd Koninkrijk
56%
LandBosnië
en Herzegovina
55%
LandBulgarije
55%
LandCentraal-Afrikaanse
Republiek
55%
LandChina
55%
LandDenemarken
55%
LandDuitsland
55%
LandGriekenland
55%
LandHongarije
55%
LandIndonesië
55%
LandJapan
55%
LandKenia
55%
LandKroatië
55%
LandLiechtenstein
55%
LandMexico
55%
LandMonaco
55%
LandMongolië
55%
LandNederland
55%
Land Nieuw-Zeeland
55%
LandNiger
55%
LandNoorwegen
55%
LandOman
55%
LandPeru
55%
LandRusland
55%
LandSpanje
55%
LandSyrië
55%
LandAlbanië
54%
LandAndorra
54%
LandArmenië
54%
LandAzerbeidzjan
54%
LandCambodja
54%
LandCanada
54%
LandCyprus
54%
LandDemocratische Republiek Congo
54%
LandDenemarken
54%
LandEgypte
54%
LandFilipijnen
54%
LandFinland
54%
LandFrankrijk
54%
LandGeorgië
54%
LandGhana
54%
LandGrenada
54%
LandIrak
54%
LandIran
54%
LandItalië
54%
LandJapan
54%
LandKirgizië
54%
LandKiribati
54%
LandLibië
54%
LandMali
54%
LandMarokko
54%
LandMexico
54%
LandMongolië
54%
LandMontenegro
54%
LandNederland
54%
LandNoorwegen
54%
LandOekraïne
54%
LandOezbekistan
54%
LandPortugal
54%
LandRepubliek Congo
54%
LandRoemenië
54%
LandSan Marino
54%
LandSenegal
54%
LandServië
54%
LandSlowakije
54%
LandSomalië
54%
LandSpanje
54%
LandTsjechië
54%
LandTunesië
54%
LandTurkije
54%
LandTurkmenistan
54%
LandVanuatu
54%
LandVaticaanstad
54%
LandVerenigde Staten
54%
LandVerenigd Koninkrijk
54%
LandZambia
54%
LandZuid-Afrika
54%
LandZweden
54%
LandAfghanistan
53%
LandAlgerije
53%
LandAngola
53%
LandAntigua en Barbuda
53%
LandBahama's
53%
LandBahrein
53%
LandBangladesh
53%
LandBarbados
53%
LandBelarus
53%
LandBelgië
53%
LandBelize
53%
LandBenin
53%
LandBhutan
53%
LandBolivia
53%
LandBotswana
53%
LandBrazilië
53%
LandBrunei
53%
LandBurkina Faso
53%
LandBurundi
53%
LandCanada
53%
LandChina
53%
LandColombia
53%
LandComoren
53%
LandCosta Rica
53%
LandCuba
53%
LandDjibouti
53%
LandDominica
53%
LandDominicaanse Republiek
53%
LandEcuador
53%
LandEl Salvador
53%
LandEquatoriaal-Guinea
53%
LandEritrea
53%
LandEstland
53%
LandEswatini
53%
LandEthiopië
53%
LandFiji
53%
LandFinland
53%
LandFrankrijk
53%
LandGabon
53%
LandGambia
53%
LandGeheime Land
53%
LandGuatemala
53%
LandGuinee
53%
LandGuinee-Bissau
53%
LandGuyana
53%
LandHaïti
53%
LandHonduras
53%
LandIsraël
53%
LandItalië
53%
LandIvoorkust
53%
LandJamaica
53%
LandJordanië
53%
LandKaapverdië
53%
LandKameroen
53%
LandKazachstan
53%
LandKoeweit
53%
LandKosovo
53%
LandLaos
53%
LandLesotho
53%
LandLetland
53%
LandLibanon
53%
LandLiberia
53%
LandLitouwen
53%
LandMadagaskar
53%
LandMalawi
53%
LandMaldiven
53%
LandMaleisië
53%
LandMarshalleilanden
53%
LandMauritanië
53%
LandMauritius
53%
LandMicronesia
53%
LandMoldavië
53%
LandMongolië
53%
LandMozambique
53%
LandMyanmar
53%
LandNamibië
53%
LandNauru
53%
LandNederland
53%
LandNepal
53%
LandNicaragua
53%
LandNigeria
53%
LandNoord-Korea
53%
LandNoord-Macedonië
53%
LandOeganda
53%
LandOost-Timor
53%
LandPakistan
53%
LandPalau
53%
LandPanama
53%
LandPapoea-Nieuw-Guinea
53%
LandParaguay
53%
LandQatar
53%
LandRusland
53%
LandRwanda
53%
LandSaint Kitts en Nevis
53%
LandSaint Lucia
53%
LandSaint Vincent en de
Grenadines
53%
LandSalomonseilanden
53%
LandSamoa
53%
LandSaoedi-Arabië
53%
LandSao Tomé en Principe
53%
LandSeychellen
53%
LandSierra Leone
53%
LandSingapore
53%
LandSoedan
53%
LandSpanje
53%
LandSri Lanka
53%
LandSuriname
53%
LandTadzjikistan
53%
LandTaiwan
53%
LandTanzania
53%
LandThailand
53%
LandTogo
53%
LandTonga
53%
LandTrinidad en Tobago
53%
LandTuvalu
53%
LandUruguay
53%
LandVenezuela
53%
LandVerenigde Arabische
Emiraten
53%
LandVerenigde Staten
53%
LandVietnam
53%
LandZimbabwe
53%
LandZuid-Korea
53%
LandZuid-Soedan
53%
LandBelarus
52%
LandBrazilië
52%
LandCanada
52%
LandChina
52%
LandDenemarken
52%
LandDuitsland
52%
LandFinland
52%
LandIJsland
52%
LandIndia
52%
LandJapan
52%
LandKazachstan
52%
LandLuxemburg
52%
LandNederland
52%
LandRusland
52%
LandBelgië
51%
LandChina
51%
LandFrankrijk
51%
LandIJsland
51%
LandItalië
51%
LandMexico
51%
LandNederland
51%
LandSpanje
51%
LandTurkije
51%
LandZuid-Afrika
51%
LandZwitserland
51%
LandBelarus
50%
LandBrazilië
50%
LandCanada
50%
LandChina
50%
LandDenemarken
50%
LandDuitsland
50%
LandEgypte
50%
LandFinland
50%
LandFrankrijk
50%
LandIndia
50%
LandItalië
50%
LandKazachstan
50%
LandMexico
50%
LandNederland
50%
LandOostenrijk
50%
LandRusland
50%
LandSpanje
50%
LandTsjechië
50%
LandVerenigde Staten
50%
LandVerenigd Koninkrijk
50%
LandZuid-Afrika
50%
LandBelgië
49%
LandCanada
49%
LandDuitsland
49%
LandFrankrijk
49%
LandGeorgië
49%
LandHongarije
49%
LandIerland
49%
LandItalië
49%
LandJapan
49%
LandLetland
49%
LandMarokko
49%
LandMexico
49%
LandMongolië
49%
LandNederland
49%
LandNepal
49%
LandNoorwegen
49%
LandPortugal
49%
LandRusland
49%
LandServië
49%
LandSlovenië
49%
LandSlowakije
49%
LandSpanje
49%
LandTurkije
49%
LandVerenigde Staten
49%
LandVerenigd Koninkrijk
49%
LandZuid-Afrika
49%
LandZwitserland
49%
LandAlbanië
48%
LandArmenië
48%
LandAustralië
48%
LandBelgië
48%
LandBulgarije
48%
LandCanada
48%
LandChina
48%
LandDemocratische Republiek Congo
48%
LandEgypte
48%
LandEstland
48%
LandFinland
48%
LandFrankrijk
48%
LandIerland
48%
LandIJsland
48%
LandIndia
48%
LandIndonesië
48%
LandItalië
48%
LandJapan
48%
LandKazachstan
48%
LandKosovo
48%
LandKroatië
48%
LandLitouwen
48%
LandMarokko
48%
LandNederland
48%
Land Nieuw-Zeeland
48%
LandNoord-Macedonië
48%
LandOekraïne
48%
LandOostenrijk
48%
LandPanama
48%
LandPolen
48%
LandPortugal
48%
LandRepubliek Congo
48%
LandRoemenië
48%
LandRusland
48%
LandSpanje
48%
LandTsjechië
48%
LandVerenigde Staten
48%
LandZuid-Afrika
48%
LandZweden
48%
LandArgentinië
47%
LandBelarus
47%
LandBelgië
47%
LandBrazilië
47%
LandChili
47%
LandChina
47%
LandColombia
47%
LandDemocratische Republiek Congo
47%
LandDenemarken
47%
LandDuitsland
47%
LandEgypte
47%
LandEstland
47%
LandFrankrijk
47%
LandGriekenland
47%
LandHongarije
47%
LandIJsland
47%
LandIndia
47%
LandJapan
47%
LandJemen
47%
LandKroatië
47%
LandLetland
47%
LandLuxemburg
47%
LandMali
47%
LandMexico
47%
LandMongolië
47%
LandNoorwegen
47%
LandPanama
47%
LandPortugal
47%
LandRepubliek Congo
47%
LandSlovenië
47%
LandVerenigde Staten
47%
LandVerenigd Koninkrijk
47%
LandZuid-Afrika
47%
LandZuid-Korea
47%
LandZweden
47%
LandAfghanistan
46%
LandAlgerije
46%
LandArgentinië
46%
LandAustralië
46%
LandBelgië
46%
LandBenin
46%
LandBosnië
en Herzegovina
46%
LandBotswana
46%
LandBrazilië
46%
LandChili
46%
LandColombia
46%
LandCuba
46%
LandDemocratische Republiek Congo
46%
LandEl Salvador
46%
LandFiji
46%
LandFrankrijk
46%
LandGhana
46%
LandGriekenland
46%
LandHonduras
46%
LandIndia
46%
LandIran
46%
LandItalië
46%
LandIvoorkust
46%
LandJamaica
46%
LandKosovo
46%
LandLibanon
46%
LandLiechtenstein
46%
LandLuxemburg
46%
LandMarokko
46%
LandMexico
46%
LandMoldavië
46%
LandMonaco
46%
LandMongolië
46%
LandNederland
46%
Land Nieuw-Zeeland
46%
LandNiger
46%
LandNoord-Korea
46%
LandOezbekistan
46%
LandOman
46%
LandOostenrijk
46%
LandPakistan
46%
LandParaguay
46%
LandPeru
46%
LandRepubliek Congo
46%
LandRusland
46%
LandSamoa
46%
LandSierra Leone
46%
LandSlovenië
46%
LandSoedan
46%
LandSpanje
46%
LandSuriname
46%
LandSyrië
46%
LandTonga
46%
LandUruguay
46%
LandVenezuela
46%
LandVerenigd Koninkrijk
46%
LandZwitserland
46%
LandAlbanië
45%
LandAngola
45%
LandAustralië
45%
LandBelgië
45%
LandBosnië
en Herzegovina
45%
LandCanada
45%
LandCuba
45%
LandDuitsland
45%
LandEgypte
45%
LandFrankrijk
45%
LandIerland
45%
LandIndia
45%
LandItalië
45%
LandJapan
45%
LandKazachstan
45%
LandKroatië
45%
LandLetland
45%
LandLitouwen
45%
LandMalawi
45%
LandMongolië
45%
LandNamibië
45%
LandNederland
45%
LandParaguay
45%
LandPeru
45%
LandPolen
45%
LandRoemenië
45%
LandSenegal
45%
LandServië
45%
LandSlowakije
45%
LandSpanje
45%
LandTurkmenistan
45%
LandVerenigde Staten
45%
LandVerenigd Koninkrijk
45%
LandZuid-Afrika
45%
LandZweden
45%
LandAfghanistan
44%
LandAlgerije
44%
LandAndorra
44%
LandAngola
44%
LandAntigua en Barbuda
44%
LandArgentinië
44%
LandAustralië
44%
LandAzerbeidzjan
44%
LandBahama's
44%
LandBahrein
44%
LandBangladesh
44%
LandBarbados
44%
LandBelarus
44%
LandBelgië
44%
LandBelize
44%
LandBenin
44%
LandBhutan
44%
LandBolivia
44%
LandBosnië
en Herzegovina
44%
LandBotswana
44%
LandBrunei
44%
LandBurkina Faso
44%
LandBurundi
44%
LandCambodja
44%
LandCanada
44%
LandCentraal-Afrikaanse
Republiek
44%
LandChili
44%
LandColombia
44%
LandComoren
44%
LandCosta Rica
44%
LandCuba
44%
LandCyprus
44%
LandDjibouti
44%
LandDominica
44%
LandDominicaanse Republiek
44%
LandEcuador
44%
LandEl Salvador
44%
LandEquatoriaal-Guinea
44%
LandEritrea
44%
LandEswatini
44%
LandEthiopië
44%
LandFilipijnen
44%
LandFinland
44%
LandGabon
44%
LandGambia
44%
LandGeheime Land
44%
LandGrenada
44%
LandGriekenland
44%
LandGuatemala
44%
LandGuinee
44%
LandGuinee-Bissau
44%
LandGuyana
44%
LandHaïti
44%
LandHonduras
44%
LandIndia
44%
LandIndonesië
44%
LandIrak
44%
LandIran
44%
LandIsraël
44%
LandJamaica
44%
LandJapan
44%
LandJemen
44%
LandJordanië
44%
LandKaapverdië
44%
LandKameroen
44%
LandKenia
44%
LandKirgizië
44%
LandKiribati
44%
LandKoeweit
44%
LandKosovo
44%
LandLaos
44%
LandLesotho
44%
LandLetland
44%
LandLiberia
44%
LandLibië
44%
LandLiechtenstein
44%
LandLitouwen
44%
LandLuxemburg
44%
LandMadagaskar
44%
LandMalawi
44%
LandMaldiven
44%
LandMaleisië
44%
LandMali
44%
LandMalta
44%
LandMarokko
44%
LandMarshalleilanden
44%
LandMauritanië
44%
LandMauritius
44%
LandMicronesia
44%
LandMoldavië
44%
LandMonaco
44%
LandMongolië
44%
LandMontenegro
44%
LandMozambique
44%
LandMyanmar
44%
LandNamibië
44%
LandNauru
44%
LandNederland
44%
LandNepal
44%
LandNicaragua
44%
LandNieuw-Zeeland
44%
LandNiger
44%
LandNigeria
44%
LandNoord-Korea
44%
LandNoord-Macedonië
44%
LandNoorwegen
44%
LandOeganda
44%
LandOman
44%
LandOostenrijk
44%
LandOost-Timor
44%
LandPakistan
44%
LandPalau
44%
LandPapoea-Nieuw-Guinea
44%
LandPeru
44%
LandPolen
44%
LandPortugal
44%
LandQatar
44%
LandRoemenië
44%
LandRusland
44%
LandRwanda
44%
LandSaint Kitts en Nevis
44%
LandSaint Lucia
44%
LandSaint Vincent en de
Grenadines
44%
LandSalomonseilanden
44%
LandSan Marino
44%
LandSaoedi-Arabië
44%
LandSao Tomé en Principe
44%
LandSenegal
44%
LandServië
44%
LandSeychellen
44%
LandSingapore
44%
LandSlovenië
44%
LandSoedan
44%
LandSomalië
44%
LandSri Lanka
44%
LandSuriname
44%
LandSyrië
44%
LandTadzjikistan
44%
LandTaiwan
44%
LandTanzania
44%
LandThailand
44%
LandTogo
44%
LandTrinidad en Tobago
44%
LandTsjaad
44%
LandTunesië
44%
LandTurkije
44%
LandTurkmenistan
44%
LandTuvalu
44%
LandUruguay
44%
LandVanuatu
44%
LandVaticaanstad
44%
LandVenezuela
44%
LandVerenigde Arabische
Emiraten
44%
LandVerenigde Staten
44%
LandVietnam
44%
LandZambia
44%
LandZimbabwe
44%
Land | Land Zuid-Korea
44%
LandZuid-Soedan
44%
LandZwitserland
44%
LandAlbanië
43%
LandAndorra
43%
LandAngola
43%
LandAntigua en Barbuda
43%
LandArmenië
43%
LandAustralië
43%
LandAzerbeidzjan
43%
LandBahama's
43%
LandBahrein
43%
LandBangladesh
43%
LandBarbados
43%
LandBelgië
43%
LandBenin
43%
LandBhutan
43%
LandBolivia
43%
LandBosnië
en Herzegovina
43%
LandBotswana
43%
LandBrazilië
43%
LandBrunei
43%
LandBulgarije
43%
LandBurkina Faso
43%
LandBurundi
43%
LandCambodja
43%
LandChina
43%
LandColombia
43%
LandComoren
43%
LandCosta Rica
43%
LandCyprus
43%
LandDjibouti
43%
LandDominica
43%
LandDominicaanse Republiek
43%
LandDuitsland
43%
LandEquatoriaal-Guinea
43%
LandEritrea
43%
LandEstland
43%
LandEswatini
43%
LandEthiopië
43%
LandFiji
43%
LandFrankrijk
43%
LandGabon
43%
LandGambia
43%
LandGeheime Land
43%
LandGeorgië
43%
LandGhana
43%
LandGrenada
43%
LandGuatemala
43%
LandGuinee
43%
LandGuinee-Bissau
43%
LandGuyana
43%
LandHaïti
43%
LandHonduras
43%
LandHongarije
43%
LandIerland
43%
LandIndonesië
43%
LandIrak
43%
LandIsraël
43%
LandIvoorkust
43%
LandJemen
43%
LandJordanië
43%
LandKaapverdië
43%
LandKameroen
43%
LandKenia
43%
LandKirgizië
43%
LandKiribati
43%
LandKoeweit
43%
LandKroatië
43%
LandLaos
43%
LandLesotho
43%
LandLibanon
43%
LandLiberia
43%
LandLibië
43%
LandLiechtenstein
43%
LandLitouwen
43%
LandLuxemburg
43%
LandMadagaskar
43%
LandMaldiven
43%
LandMaleisië
43%
LandMali
43%
LandMalta
43%
LandMarokko
43%
LandMarshalleilanden
43%
LandMauritanië
43%
Land | Land Mauritius
43%
LandMicronesia
43%
LandMoldavië
43%
LandMonaco
43%
LandMontenegro
43%
LandMozambique
43%
LandMyanmar
43%
LandNauru
43%
LandNederland
43%
Land Nieuw-Zeeland
43%
LandNiger
43%
LandNigeria
43%
LandNoord-Korea
43%
LandNoord-Macedonië
43%
LandOeganda
43%
LandOekraïne
43%
LandOezbekistan
43%
LandOman
43%
LandOost-Timor
43%
LandPakistan
43%
LandPalau
43%
LandPapoea-Nieuw-Guinea
43%
LandParaguay
43%
LandQatar
43%
LandRusland
43%
LandRwanda
43%
LandSaint Kitts en Nevis
43%
LandSaint Lucia
43%
LandSaint Vincent en de
Grenadines
43%
LandSalomonseilanden
43%
LandSamoa
43%
LandSan Marino
43%
LandSao Tomé en Principe
43%
LandSenegal
43%
LandSeychellen
43%
LandSierra Leone
43%
LandSingapore
43%
LandSlowakije
43%
LandSoedan
43%
LandSomalië
43%
LandSpanje
43%
LandSri Lanka
43%
LandSyrië
43%
LandTadzjikistan
43%
LandTaiwan
43%
LandTanzania
43%
LandThailand
43%
LandTogo
43%
LandTonga
43%
LandTrinidad en Tobago
43%
LandTsjechië
43%
LandTunesië
43%
LandTurkije
43%
LandTurkmenistan
43%
LandTuvalu
43%
LandUruguay
43%
LandVanuatu
43%
LandVaticaanstad
43%
LandVerenigde Arabische
Emiraten
43%
LandVerenigde Staten
43%
LandVietnam
43%
LandZambia
43%
LandZimbabwe
43%
LandZuid-Afrika
43%
LandZuid-Korea
43%
LandZuid-Soedan
43%
LandZwitserland
43%
LandAlgerije
42%
LandArgentinië
42%
LandAustralië
42%
LandBelgië
42%
LandCanada
42%
LandChina
42%
LandColombia
42%
LandCuba
42%
LandDuitsland
42%
LandEgypte
42%
LandFrankrijk
42%
LandGeorgië
42%
LandHonduras
42%
LandHongarije
42%
LandIran
42%
LandItalië
42%
LandLibië
42%
LandLuxemburg
42%
LandMoldavië
42%
LandNicaragua
42%
Land Nieuw-Zeeland
42%
LandNiger
42%
LandNigeria
42%
LandNoord-Korea
42%
LandOekraïne
42%
LandOezbekistan
42%
LandOostenrijk
42%
LandPanama
42%
LandRusland
42%
LandSlowakije
42%
LandSuriname
42%
LandVerenigde Staten
42%
LandZuid-Afrika
42%
LandAlgerije
41%
LandArgentinië
41%
LandArmenië
41%
LandAzerbeidzjan
41%
LandBangladesh
41%
LandBelarus
41%
LandBelgië
41%
LandBrazilië
41%
LandBulgarije
41%
LandBurundi
41%
LandCanada
41%
LandCentraal-Afrikaanse
Republiek
41%
LandChili
41%
LandChina
41%
LandComoren
41%
LandCosta Rica
41%
LandCyprus
41%
LandDemocratische Republiek Congo
41%
LandDenemarken
41%
LandEcuador
41%
LandEgypte
41%
LandEthiopië
41%
LandFiji
41%
LandFilipijnen
41%
LandFinland
41%
LandGhana
41%
LandGuinee
41%
LandGuinee-Bissau
41%
LandIerland
41%
LandIndia
41%
LandIndonesië
41%
LandIran
41%
LandIsraël
41%
LandJamaica
41%
LandJapan
41%
LandJemen
41%
LandKazachstan
41%
LandKenia
41%
LandKiribati
41%
LandKosovo
41%
LandKroatië
41%
LandLiberia
41%
LandLiechtenstein
41%
LandMadagaskar
41%
LandMauritius
41%
LandMongolië
41%
LandMontenegro
41%
LandNamibië
41%
LandNepal
41%
LandNoorwegen
41%
LandOeganda
41%
LandOekraïne
41%
LandPakistan
41%
LandPanama
41%
LandPapoea-Nieuw-Guinea
41%
LandParaguay
41%
LandPeru
41%
LandPolen
41%
LandPortugal
41%
LandRepubliek Congo
41%
LandSamoa
41%
LandSaoedi-Arabië
41%
LandSlovenië
41%
LandSoedan
41%
LandSpanje
41%
LandSuriname
41%
LandTaiwan
41%
LandTanzania
41%
LandThailand
41%
LandTsjechië
41%
LandTurkmenistan
41%
LandUruguay
41%
LandVenezuela
41%
LandVerenigde Staten
41%
LandZuid-Korea
41%
LandZweden
41%
LandZwitserland
41%
LandAlgerije
40%
LandAndorra
40%
LandAustralië
40%
LandBelgië
40%
LandCanada
40%
LandChina
40%
LandDuitsland
40%
LandFrankrijk
40%
LandIndia
40%
LandItalië
40%
LandMexico
40%
LandOezbekistan
40%
LandOostenrijk
40%
LandPortugal
40%
LandSpanje
40%
LandVerenigde Staten
40%
LandVietnam
40%
LandZweden
40%
LandAfghanistan
39%
LandAlbanië
39%
LandAndorra
39%
LandAngola
39%
LandAntigua en Barbuda
39%
LandAzerbeidzjan
39%
LandBahama's
39%
LandBahrein
39%
LandBangladesh
39%
LandBarbados
39%
LandBelarus
39%
LandBelgië
39%
LandBelize
39%
LandBenin
39%
LandBhutan
39%
LandBolivia
39%
LandBosnië
en Herzegovina
39%
LandBotswana
39%
LandBrazilië
39%
LandBrunei
39%
LandBulgarije
39%
LandBurkina Faso
39%
LandBurundi
39%
LandCambodja
39%
LandCanada
39%
LandCentraal-Afrikaanse
Republiek
39%
LandChili
39%
LandChina
39%
LandComoren
39%
LandCuba
39%
LandCyprus
39%
LandDemocratische Republiek Congo
39%
LandDjibouti
39%
LandDominica
39%
LandDominicaanse Republiek
39%
LandDuitsland
39%
LandEcuador
39%
LandEgypte
39%
LandEl Salvador
39%
LandEquatoriaal-Guinea
39%
LandEritrea
39%
LandEstland
39%
LandEswatini
39%
LandEthiopië
39%
LandFiji
39%
LandFilipijnen
39%
LandFinland
39%
LandGabon
39%
LandGambia
39%
LandGeheime Land
39%
LandGeorgië
39%
LandGrenada
39%
LandGriekenland
39%
LandGuatemala
39%
LandGuinee
39%
LandGuinee-Bissau
39%
LandGuyana
39%
LandHaïti
39%
LandHonduras
39%
LandHongarije
39%
LandIJsland
39%
LandIndia
39%
LandIndonesië
39%
LandIrak
39%
LandIran
39%
LandIsraël
39%
LandItalië
39%
LandIvoorkust
39%
LandJamaica
39%
LandJapan
39%
LandJemen
39%
LandJordanië
39%
LandKaapverdië
39%
LandKameroen
39%
LandKazachstan
39%
LandKenia
39%
LandKirgizië
39%
LandKiribati
39%
LandKoeweit
39%
LandKosovo
39%
LandKroatië
39%
LandLaos
39%
LandLesotho
39%
LandLetland
39%
LandLibanon
39%
LandLiberia
39%
LandLibië
39%
LandLitouwen
39%
LandLuxemburg
39%
LandMalawi
39%
LandMaldiven
39%
LandMaleisië
39%
LandMali
39%
LandMalta
39%
LandMarokko
39%
LandMarshalleilanden
39%
LandMauritanië
39%
LandMauritius
39%
LandMexico
39%
LandMicronesia
39%
LandMoldavië
39%
LandMonaco
39%
LandMontenegro
39%
LandMozambique
39%
LandMyanmar
39%
LandNamibië
39%
LandNauru
39%
LandNepal
39%
LandNicaragua
39%
Land Nieuw-Zeeland
39%
LandNiger
39%
LandNigeria
39%
LandNoord-Korea
39%
LandNoord-Macedonië
39%
LandOeganda
39%
LandOekraïne
39%
LandOezbekistan
39%
LandOman
39%
LandOostenrijk
39%
LandOost-Timor
39%
LandPalau
39%
LandPapoea-Nieuw-Guinea
39%
LandParaguay
39%
LandPortugal
39%
LandQatar
39%
LandRepubliek Congo
39%
LandRoemenië
39%
LandRwanda
39%
LandSaint Kitts en Nevis
39%
LandSaint Lucia
39%
LandSaint Vincent en de
Grenadines
39%
LandSalomonseilanden
39%
LandSamoa
39%
LandSan Marino
39%
LandSaoedi-Arabië
39%
LandSao Tomé en Principe
39%
LandSenegal
39%
LandServië
39%
LandSeychellen
39%
LandSierra Leone
39%
LandSingapore
39%
LandSlowakije
39%
LandSomalië
39%
LandSri Lanka
39%
LandSuriname
39%
LandSyrië
39%
LandTadzjikistan
39%
LandTaiwan
39%
LandTanzania
39%
LandThailand
39%
LandTogo
39%
LandTonga
39%
LandTrinidad en Tobago
39%
LandTsjaad
39%
LandTsjechië
39%
LandTunesië
39%
LandTurkmenistan
39%
LandTuvalu
39%
LandUruguay
39%
LandVanuatu
39%
LandVaticaanstad
39%
LandVenezuela
39%
LandVerenigde Arabische
Emiraten
39%
LandVerenigde Staten
39%
LandVietnam
39%
LandZambia
39%
LandZimbabwe
39%
LandZuid-Afrika
39%
LandZuid-Korea
39%
LandZuid-Soedan
39%
LandAngola
38%
LandAustralië
38%
LandBelarus
38%
LandBelgië
38%
LandBhutan
38%
LandBotswana
38%
LandBrazilië
38%
LandChili
38%
LandChina
38%
LandColombia
38%
LandCyprus
38%
LandDemocratische Republiek Congo
38%
LandDenemarken
38%
LandEgypte
38%
LandEstland
38%
LandGhana
38%
LandGriekenland
38%
LandGuatemala
38%
LandGuinee
38%
LandGuyana
38%
LandIerland
38%
LandIJsland
38%
LandIndonesië
38%
LandIrak
38%
LandItalië
38%
LandIvoorkust
38%
LandJapan
38%
LandKameroen
38%
LandKazachstan
38%
LandLetland
38%
LandMadagaskar
38%
LandMalta
38%
LandMarokko
38%
LandMongolië
38%
LandNamibië
38%
LandNoord-Macedonië
38%
LandOekraïne
38%
LandPeru
38%
LandPortugal
38%
LandSlovenië
38%
LandSomalië
38%
LandSpanje
38%
LandTanzania
38%
LandVerenigde Arabische
Emiraten
38%
LandVerenigde Staten
38%
LandVerenigd Koninkrijk
38%
LandVietnam
38%
LandZuid-Afrika
38%
LandZweden
38%
LandZwitserland
38%
LandAlbanië
37%
LandArmenië
37%
LandBulgarije
37%
LandCambodja
37%
LandCentraal-Afrikaanse
Republiek
37%
LandChina
37%
LandEcuador
37%
LandEritrea
37%
LandEswatini
37%
LandEthiopië
37%
LandFrankrijk
37%
LandGuinee-Bissau
37%
LandJemen
37%
LandJordanië
37%
LandKaapverdië
37%
LandKazachstan
37%
LandKenia
37%
LandLiechtenstein
37%
LandMalawi
37%
LandMaleisië
37%
LandMauritius
37%
LandMoldavië
37%
LandMongolië
37%
LandMozambique
37%
LandMyanmar
37%
LandNigeria
37%
LandOekraïne
37%
LandOman
37%
LandPanama
37%
LandPapoea-Nieuw-Guinea
37%
LandRepubliek Congo
37%
LandRoemenië
37%
LandRusland
37%
LandSan Marino
37%
LandSaoedi-Arabië
37%
LandSenegal
37%
LandSingapore
37%
LandSoedan
37%
LandSpanje
37%
LandThailand
37%
LandTsjaad
37%
LandTunesië
37%
LandTurkije
37%
LandVerenigde Staten
37%
LandVerenigd Koninkrijk
37%
LandAfghanistan
36%
LandAndorra
36%
LandAngola
36%
LandAntigua en Barbuda
36%
LandArgentinië
36%
LandArmenië
36%
LandAustralië
36%
LandAzerbeidzjan
36%
LandBahama's
36%
LandBahrein
36%
LandBangladesh
36%
LandBarbados
36%
LandBelize
36%
LandBolivia
36%
LandBosnië
en Herzegovina
36%
LandBrazilië
36%
LandBrunei
36%
LandBulgarije
36%
LandBurkina Faso
36%
LandBurundi
36%
LandCanada
36%
LandColombia
36%
LandComoren
36%
LandCosta Rica
36%
LandCuba
36%
LandDemocratische Republiek Congo
36%
LandDjibouti
36%
LandDominica
36%
LandDominicaanse Republiek
36%
LandEgypte
36%
LandEl Salvador
36%
LandEquatoriaal-Guinea
36%
LandFiji
36%
LandGabon
36%
LandGeheime Land
36%
LandGeorgië
36%
LandGrenada
36%
LandGriekenland
36%
LandHaïti
36%
LandHonduras
36%
LandHongarije
36%
LandIerland
36%
LandIndonesië
36%
LandIran
36%
LandIsraël
36%
LandItalië
36%
LandJamaica
36%
LandKazachstan
36%
LandKirgizië
36%
LandKiribati
36%
LandKoeweit
36%
LandKosovo
36%
LandLibanon
36%
LandLiberia
36%
LandLibië
36%
LandMaldiven
36%
LandMarokko
36%
LandMarshalleilanden
36%
LandMexico
36%
LandMicronesia
36%
LandMoldavië
36%
LandMonaco
36%
LandMontenegro
36%
LandNauru
36%
LandNicaragua
36%
LandNieuw-Zeeland
36%
LandNoord-Korea
36%
LandOeganda
36%
LandOezbekistan
36%
LandOost-Timor
36%
LandPakistan
36%
LandPalau
36%
LandPeru
36%
LandPolen
36%
LandQatar
36%
LandRepubliek Congo
36%
LandRwanda
36%
LandSaint Kitts en Nevis
36%
LandSaint Lucia
36%
LandSaint Vincent en de
Grenadines
36%
LandSalomonseilanden
36%
LandSamoa
36%
LandSao Tomé en Principe
36%
LandServië
36%
LandSeychellen
36%
LandSierra Leone
36%
LandSlovenië
36%
LandSlowakije
36%
LandSri Lanka
36%
LandSuriname
36%
LandSyrië
36%
LandTadzjikistan
36%
LandTogo
36%
LandTonga
36%
LandTrinidad en Tobago
36%
LandTsjechië
36%
LandTurkmenistan
36%
LandTuvalu
36%
LandVanuatu
36%
LandVaticaanstad
36%
LandVerenigde Staten
36%
LandVerenigd Koninkrijk
36%
LandVietnam
36%
LandZambia
36%
LandZimbabwe
36%
LandZuid-Korea
36%
LandZuid-Soedan
36%
LandZwitserland
36%
LandAfghanistan
35%
LandBahama's
35%
LandBarbados
35%
LandBelgië
35%
LandBhutan
35%
LandBosnië
en Herzegovina
35%
LandBotswana
35%
LandBrazilië
35%
LandCanada
35%
LandCentraal-Afrikaanse
Republiek
35%
LandChina
35%
LandColombia
35%
LandDemocratische Republiek Congo
35%
LandDenemarken
35%
LandDuitsland
35%
LandEgypte
35%
LandFilipijnen
35%
LandFinland
35%
LandGabon
35%
LandGuyana
35%
LandHongarije
35%
LandIerland
35%
LandIndia
35%
LandIndonesië
35%
LandIran
35%
LandItalië
35%
LandJemen
35%
LandJordanië
35%
LandKenia
35%
LandKiribati
35%
LandKosovo
35%
LandLiechtenstein
35%
LandLitouwen
35%
LandMadagaskar
35%
LandMali
35%
LandMarokko
35%
LandMexico
35%
LandNauru
35%
LandNepal
35%
LandNiger
35%
LandNoord-Korea
35%
LandOekraïne
35%
LandOezbekistan
35%
LandOman
35%
LandOostenrijk
35%
LandPakistan
35%
LandPolen
35%
LandPortugal
35%
LandQatar
35%
LandRepubliek Congo
35%
LandSaoedi-Arabië
35%
LandSao Tomé en Principe
35%
LandSenegal
35%
LandSlowakije
35%
LandSoedan
35%
LandSomalië
35%
LandSyrië
35%
LandTaiwan
35%
LandTonga
35%
LandTsjechië
35%
LandTurkije
35%
LandVanuatu
35%
LandVerenigde Staten
35%
LandVietnam
35%
LandZambia
35%
LandZuid-Afrika
35%
LandZuid-Korea
35%
LandZweden
35%
LandAustralië
34%
LandBelgië
34%
LandDuitsland
34%
LandEgypte
34%
LandGuatemala
34%
LandIerland
34%
LandIJsland
34%
LandIndia
34%
LandJapan
34%
LandLuxemburg
34%
LandMarokko
34%
LandNoord-Korea
34%
LandNoorwegen
34%
LandOostenrijk
34%
LandPeru
34%
LandPolen
34%
LandPortugal
34%
LandSenegal
34%
LandSoedan
34%
LandSpanje
34%
LandUruguay
34%
LandVerenigd Koninkrijk
34%
LandZwitserland
34%
LandAlgerije
33%
LandAntigua en Barbuda
33%
LandArgentinië
33%
LandAustralië
33%
LandAzerbeidzjan
33%
LandBahrein
33%
LandBangladesh
33%
LandBelarus
33%
LandBelgië
33%
LandBelize
33%
LandBenin
33%
LandBolivia
33%
LandBrazilië
33%
LandBrunei
33%
LandBurkina Faso
33%
LandBurundi
33%
LandCambodja
33%
LandCanada
33%
LandChina
33%
LandComoren
33%
LandCosta Rica
33%
LandCuba
33%
LandCyprus
33%
LandDemocratische Republiek Congo
33%
LandDenemarken
33%
LandDjibouti
33%
LandDominica
33%
LandDominicaanse Republiek
33%
LandEcuador
33%
LandEgypte
33%
LandEl Salvador
33%
LandEquatoriaal-Guinea
33%
LandEritrea
33%
LandEswatini
33%
LandEthiopië
33%
LandFrankrijk
33%
LandGambia
33%
LandGeheime Land
33%
LandGhana
33%
LandGrenada
33%
LandGuatemala
33%
LandGuinee
33%
LandGuinee-Bissau
33%
LandHaïti
33%
LandHonduras
33%
LandIJsland
33%
LandIndonesië
33%
LandIrak
33%
LandIvoorkust
33%
LandJamaica
33%
LandJapan
33%
LandKaapverdië
33%
LandKameroen
33%
LandKirgizië
33%
LandKoeweit
33%
LandKroatië
33%
LandLaos
33%
LandLesotho
33%
LandLibanon
33%
LandLiberia
33%
LandLibië
33%
LandMalawi
33%
LandMaldiven
33%
LandMaleisië
33%
LandMali
33%
LandMalta
33%
LandMarshalleilanden
33%
LandMauritanië
33%
LandMauritius
33%
LandMonaco
33%
LandMongolië
33%
LandMontenegro
33%
LandMozambique
33%
LandMyanmar
33%
LandNamibië
33%
LandNepal
33%
LandNicaragua
33%
LandNiger
33%
LandNigeria
33%
LandNoord-Korea
33%
LandNoord-Macedonië
33%
LandNoorwegen
33%
LandOeganda
33%
LandOekraïne
33%
LandOost-Timor
33%
LandPakistan
33%
LandPalau
33%
LandPanama
33%
LandPapoea-Nieuw-Guinea
33%
LandParaguay
33%
LandPeru
33%
LandRepubliek Congo
33%
LandRoemenië
33%
LandRwanda
33%
LandSaint Kitts en Nevis
33%
LandSaint Lucia
33%
LandSaint Vincent en de
Grenadines
33%
LandSalomonseilanden
33%
LandSamoa
33%
LandSan Marino
33%
LandSaoedi-Arabië
33%
LandServië
33%
LandSeychellen
33%
LandSierra Leone
33%
LandSingapore
33%
LandSpanje
33%
LandSri Lanka
33%
LandSuriname
33%
LandTadzjikistan
33%
LandTaiwan
33%
LandTanzania
33%
LandThailand
33%
LandTogo
33%
LandTrinidad en Tobago
33%
LandTsjaad
33%
LandTunesië
33%
LandTurkije
33%
LandTurkmenistan
33%
LandTuvalu
33%
LandUruguay
33%
LandVaticaanstad
33%
LandVenezuela
33%
LandVerenigde Arabische
Emiraten
33%
LandVerenigde Staten
33%
LandVerenigd Koninkrijk
33%
LandZimbabwe
33%
LandZuid-Afrika
33%
LandZuid-Korea
33%
LandZuid-Soedan
33%
LandZweden
33%
LandZwitserland
33%
LandAlgerije
32%
LandArmenië
32%
LandBelarus
32%
LandBelgië
32%
LandBrazilië
32%
LandDemocratische Republiek Congo
32%
LandDenemarken
32%
LandDuitsland
32%
LandEstland
32%
LandFinland
32%
LandFrankrijk
32%
LandIerland
32%
LandIJsland
32%
LandItalië
32%
LandKaapverdië
32%
LandLaos
32%
LandLetland
32%
LandLitouwen
32%
LandMali
32%
LandMauritanië
32%
LandMexico
32%
LandNepal
32%
LandNoorwegen
32%
LandOekraïne
32%
LandOostenrijk
32%
LandPanama
32%
LandParaguay
32%
LandPeru
32%
LandRepubliek Congo
32%
LandSpanje
32%
LandTadzjikistan
32%
LandThailand
32%
LandTsjaad
32%
LandVerenigde Staten
32%
LandVerenigd Koninkrijk
32%
LandVietnam
32%
LandZuid-Afrika
32%
LandAlgerije
31%
LandBangladesh
31%
LandBelize
31%
LandBrazilië
31%
LandCanada
31%
LandCuba
31%
LandDemocratische Republiek Congo
31%
LandDuitsland
31%
LandEgypte
31%
LandEstland
31%
LandFinland
31%
LandFrankrijk
31%
LandIJsland
31%
LandIndia
31%
LandIndonesië
31%
LandItalië
31%
LandJapan
31%
LandKazachstan
31%
LandLitouwen
31%
LandLuxemburg
31%
LandMexico
31%
LandMongolië
31%
LandMyanmar
31%
LandNoorwegen
31%
LandOekraïne
31%
LandPortugal
31%
LandRepubliek Congo
31%
LandSoedan
31%
LandSpanje
31%
LandThailand
31%
LandTsjechië
31%
LandTunesië
31%
LandVerenigde Staten
31%
LandVerenigd Koninkrijk
31%
LandZuid-Afrika
31%
LandZweden
31%
LandZwitserland
31%
LandAfghanistan
30%
LandAlbanië
30%
LandAlgerije
30%
LandAndorra
30%
LandAngola
30%
LandAustralië
30%
LandBhutan
30%
LandBrunei
30%
LandChili
30%
LandCosta Rica
30%
LandDenemarken
30%
LandDuitsland
30%
LandEgypte
30%
LandFilipijnen
30%
LandFrankrijk
30%
LandGhana
30%
LandGuyana
30%
LandIerland
30%
LandIndia
30%
LandIran
30%
LandItalië
30%
LandJapan
30%
LandKazachstan
30%
LandLiberia
30%
LandLibië
30%
LandMaleisië
30%
LandMali
30%
LandMalta
30%
LandMarokko
30%
LandMexico
30%
LandNepal
30%
LandNicaragua
30%
LandNiger
30%
LandNoorwegen
30%
LandOostenrijk
30%
LandPakistan
30%
LandPolen
30%
LandPortugal
30%
LandSierra Leone
30%
LandSlovenië
30%
LandTsjaad
30%
LandTurkije
30%
LandVenezuela
30%
LandZuid-Korea
30%
LandZweden
30%
LandAfghanistan
29%
LandAlgerije
29%
LandArgentinië
29%
LandAustralië
29%
LandBangladesh
29%
LandBelgië
29%
LandBelize
29%
LandBhutan
29%
LandBosnië
en Herzegovina
29%
LandBrazilië
29%
LandBurkina Faso
29%
LandCambodja
29%
LandCanada
29%
LandCentraal-Afrikaanse
Republiek
29%
Land | Land Chili
29%
LandColombia
29%
LandCuba
29%
LandDemocratische Republiek Congo
29%
LandDjibouti
29%
LandDuitsland
29%
LandEcuador
29%
LandFilipijnen
29%
LandGambia
29%
LandGeorgië
29%
LandGriekenland
29%
LandGuatemala
29%
LandGuinee
29%
LandHonduras
29%
LandIerland
29%
LandIndia
29%
LandIrak
29%
LandIran
29%
LandItalië
29%
LandIvoorkust
29%
LandJamaica
29%
LandJapan
29%
LandKaapverdië
29%
LandKameroen
29%
LandKazachstan
29%
LandKenia
29%
LandKosovo
29%
LandKroatië
29%
LandLaos
29%
LandLitouwen
29%
LandLuxemburg
29%
LandMaleisië
29%
LandMarokko
29%
LandMauritanië
29%
LandMexico
29%
LandMonaco
29%
LandMongolië
29%
LandMontenegro
29%
LandMyanmar
29%
LandNamibië
29%
LandNepal
29%
LandNieuw-Zeeland
29%
LandNiger
29%
LandNoord-Korea
29%
LandNoorwegen
29%
LandOeganda
29%
LandOekraïne
29%
LandOostenrijk
29%
LandPakistan
29%
LandPanama
29%
LandParaguay
29%
LandPeru
29%
LandPolen
29%
LandPortugal
29%
LandRepubliek Congo
29%
LandRoemenië
29%
LandRwanda
29%
LandSaint Kitts en Nevis
29%
LandSaint Lucia
29%
LandSao Tomé en Principe
29%
LandServië
29%
Land Singapore
29%
LandSlovenië
29%
LandSoedan
29%
LandSri Lanka
29%
LandTanzania
29%
LandThailand
29%
LandTrinidad en Tobago
29%
LandTsjaad
29%
LandTsjechië
29%
LandTunesië
29%
LandTurkije
29%
LandTurkmenistan
29%
LandUruguay
29%
LandVenezuela
29%
LandVietnam
29%
LandZambia
29%
LandZuid-Afrika
29%
LandZuid-Korea
29%
LandZwitserland
29%
LandAlbanië
28%
LandAlgerije
28%
LandAndorra
28%
LandAngola
28%
LandArgentinië
28%
LandAustralië
28%
LandBangladesh
28%
LandBrazilië
28%
LandBurundi
28%
LandCambodja
28%
LandCanada
28%
LandChili
28%
LandColombia
28%
LandCuba
28%
LandCyprus
28%
LandDemocratische Republiek Congo
28%
LandDenemarken
28%
LandDominicaanse Republiek
28%
LandDuitsland
28%
LandEgypte
28%
LandEthiopië
28%
LandFiji
28%
LandFilipijnen
28%
LandFinland
28%
LandFrankrijk
28%
LandHaïti
28%
LandHongarije
28%
LandIerland
28%
LandIndia
28%
LandIrak
28%
LandIran
28%
LandIsraël
28%
LandItalië
28%
LandJapan
28%
LandJemen
28%
LandKenia
28%
LandKoeweit
28%
LandKosovo
28%
LandLetland
28%
LandLibië
28%
LandLiechtenstein
28%
LandMadagaskar
28%
LandMarokko
28%
LandMonaco
28%
LandMongolië
28%
LandMozambique
28%
LandMyanmar
28%
LandNiger
28%
LandNoord-Korea
28%
LandNoorwegen
28%
LandOostenrijk
28%
LandOost-Timor
28%
LandPakistan
28%
LandPeru
28%
LandPolen
28%
LandPortugal
28%
LandQatar
28%
LandRepubliek Congo
28%
LandRusland
28%
LandSaoedi-Arabië
28%
LandSoedan
28%
LandSomalië
28%
LandSpanje
28%
LandTaiwan
28%
LandTanzania
28%
LandTsjechië
28%
LandTunesië
28%
LandTurkije
28%
LandVanuatu
28%
LandVenezuela
28%
LandVerenigde Arabische
Emiraten
28%
LandZambia
28%
LandZuid-Afrika
28%
LandAlgerije
27%
LandAntigua en Barbuda
27%
LandArmenië
27%
LandAustralië
27%
LandAzerbeidzjan
27%
LandBahama's
27%
LandBahrein
27%
LandBangladesh
27%
LandBarbados
27%
LandBelarus
27%
LandBelize
27%
LandBenin
27%
LandBhutan
27%
LandBotswana
27%
LandBrazilië
27%
LandBrunei
27%
LandBulgarije
27%
LandBurkina Faso
27%
LandBurundi
27%
LandCambodja
27%
LandCanada
27%
LandCentraal-Afrikaanse
Republiek
27%
LandChili
27%
LandChina
27%
LandColombia
27%
LandComoren
27%
LandCuba
27%
LandCyprus
27%
LandDenemarken
27%
LandDominica
27%
LandDominicaanse Republiek
27%
LandEcuador
27%
LandEgypte
27%
LandEl Salvador
27%
LandEquatoriaal-Guinea
27%
LandEritrea
27%
LandEstland
27%
LandEswatini
27%
LandEthiopië
27%
LandFiji
27%
LandFilipijnen
27%
LandGabon
27%
LandGambia
27%
LandGeheime Land
27%
LandGeorgië
27%
LandGrenada
27%
LandGriekenland
27%
LandGuinee-Bissau
27%
LandHaïti
27%
LandHongarije
27%
LandIerland
27%
LandIJsland
27%
LandIndia
27%
LandIndonesië
27%
LandIrak
27%
LandIran
27%
LandIsraël
27%
LandItalië
27%
LandJemen
27%
LandJordanië
27%
LandKazachstan
27%
LandKenia
27%
LandKirgizië
27%
LandKiribati
27%
LandKoeweit
27%
LandKroatië
27%
LandLaos
27%
LandLesotho
27%
LandLetland
27%
LandLibanon
27%
LandLibië
27%
LandLiechtenstein
27%
LandLitouwen
27%
LandMadagaskar
27%
LandMalawi
27%
LandMaldiven
27%
LandMalta
27%
LandMarokko
27%
LandMarshalleilanden
27%
LandMauritius
27%
LandMexico
27%
LandMicronesia
27%
LandMoldavië
27%
LandMongolië
27%
LandMozambique
27%
LandMyanmar
27%
LandNamibië
27%
LandNauru
27%
LandNepal
27%
LandNicaragua
27%
LandNigeria
27%
LandNoord-Korea
27%
LandNoord-Macedonië
27%
LandOekraïne
27%
LandOezbekistan
27%
LandOman
27%
LandOost-Timor
27%
LandPakistan
27%
LandPalau
27%
LandPanama
27%
LandPapoea-Nieuw-Guinea
27%
LandPolen
27%
LandPortugal
27%
LandQatar
27%
LandRepubliek Congo
27%
LandRoemenië
27%
LandSaint Vincent en de
Grenadines
27%
LandSalomonseilanden
27%
LandSamoa
27%
LandSan Marino
27%
LandSaoedi-Arabië
27%
LandSenegal
27%
LandServië
27%
LandSeychellen
27%
LandSingapore
27%
LandSlovenië
27%
LandSlowakije
27%
LandSomalië
27%
LandSyrië
27%
LandTadzjikistan
27%
Land | Land Taiwan
27%
LandTanzania
27%
LandThailand
27%
LandTogo
27%
LandTonga
27%
LandTsjaad
27%
LandTunesië
27%
LandTurkije
27%
LandTurkmenistan
27%
LandTuvalu
27%
LandVanuatu
27%
LandVaticaanstad
27%
LandVerenigde Arabische
Emiraten
27%
LandVerenigde Staten
27%
LandVerenigd Koninkrijk
27%
LandZimbabwe
27%
LandZuid-Soedan
27%
LandZweden
27%
LandZwitserland
27%
LandAfghanistan
26%
LandAndorra
26%
LandAntigua en Barbuda
26%
LandArgentinië
26%
LandAustralië
26%
LandAzerbeidzjan
26%
LandBahama's
26%
LandBahrein
26%
LandBarbados
26%
LandBelarus
26%
LandBelize
26%
LandBenin
26%
LandBhutan
26%
LandBolivia
26%
LandBotswana
26%
LandBrazilië
26%
LandBrunei
26%
LandBulgarije
26%
LandBurkina Faso
26%
LandCambodja
26%
LandCanada
26%
LandCentraal-Afrikaanse
Republiek
26%
LandChina
26%
LandColombia
26%
LandComoren
26%
LandCosta Rica
26%
LandCuba
26%
LandDenemarken
26%
LandDjibouti
26%
LandDominica
26%
LandEcuador
26%
LandEl Salvador
26%
LandEquatoriaal-Guinea
26%
LandEritrea
26%
LandEstland
26%
LandEswatini
26%
LandEthiopië
26%
LandFilipijnen
26%
LandFinland
26%
LandFrankrijk
26%
LandGabon
26%
LandGambia
26%
LandGeheime Land
26%
LandGeorgië
26%
LandGhana
26%
LandGrenada
26%
LandGriekenland
26%
LandGuatemala
26%
LandGuinee
26%
LandGuinee-Bissau
26%
LandGuyana
26%
LandHaïti
26%
LandHonduras
26%
LandIJsland
26%
LandIndia
26%
LandIrak
26%
LandIran
26%
LandItalië
26%
LandIvoorkust
26%
LandJamaica
26%
LandJapan
26%
LandJemen
26%
LandJordanië
26%
LandKaapverdië
26%
LandKameroen
26%
LandKenia
26%
LandKiribati
26%
LandLaos
26%
LandLesotho
26%
LandLetland
26%
LandLibanon
26%
LandLiberia
26%
LandLibië
26%
LandLitouwen
26%
LandLuxemburg
26%
LandMadagaskar
26%
LandMalawi
26%
LandMaldiven
26%
LandMaleisië
26%
LandMali
26%
LandMalta
26%
LandMarokko
26%
LandMarshalleilanden
26%
LandMauritanië
26%
LandMauritius
26%
LandMexico
26%
LandMicronesia
26%
LandMoldavië
26%
LandMonaco
26%
LandMongolië
26%
LandMontenegro
26%
LandMyanmar
26%
LandNamibië
26%
LandNauru
26%
LandNepal
26%
LandNicaragua
26%
LandNieuw-Zeeland
26%
LandNiger
26%
LandNigeria
26%
LandNoord-Macedonië
26%
LandNoorwegen
26%
LandOeganda
26%
LandOekraïne
26%
LandOezbekistan
26%
LandOman
26%
LandOostenrijk
26%
LandOost-Timor
26%
LandPakistan
26%
LandPalau
26%
LandPapoea-Nieuw-Guinea
26%
LandParaguay
26%
LandPeru
26%
LandPortugal
26%
LandRoemenië
26%
LandRwanda
26%
LandSaint Kitts en Nevis
26%
LandSaint Lucia
26%
LandSaint Vincent en de
Grenadines
26%
LandSalomonseilanden
26%
LandSamoa
26%
LandSan Marino
26%
LandSaoedi-Arabië
26%
LandSao Tomé en Principe
26%
LandSenegal
26%
LandSeychellen
26%
LandSierra Leone
26%
LandSingapore
26%
LandSlovenië
26%
LandSlowakije
26%
LandSoedan
26%
LandSomalië
26%
LandSpanje
26%
LandSuriname
26%
LandSyrië
26%
LandTaiwan
26%
LandTanzania
26%
LandTogo
26%
LandTonga
26%
LandTrinidad en Tobago
26%
LandTsjaad
26%
LandTurkije
26%
LandTurkmenistan
26%
LandTuvalu
26%
LandUruguay
26%
LandVaticaanstad
26%
LandVerenigd Koninkrijk
26%
LandVietnam
26%
LandZimbabwe
26%
LandZuid-Afrika
26%
LandZuid-Korea
26%
LandZuid-Soedan
26%
LandZweden
26%
LandZwitserland
26%
LandAndorra
25%
LandAngola
25%
LandArgentinië
25%
LandAustralië
25%
LandBahama's
25%
LandBelgië
25%
LandBolivia
25%
LandBrazilië
25%
LandBulgarije
25%
LandCambodja
25%
LandColombia
25%
LandCuba
25%
LandDemocratische Republiek Congo
25%
LandDenemarken
25%
LandDuitsland
25%
LandFinland
25%
LandFrankrijk
25%
LandGambia
25%
LandGriekenland
25%
LandGuinee
25%
LandGuyana
25%
LandHonduras
25%
LandIndia
25%
LandIndonesië
25%
LandIrak
25%
LandItalië
25%
LandJapan
25%
LandJemen
25%
LandKaapverdië
25%
LandKazachstan
25%
LandKenia
25%
LandKirgizië
25%
LandLesotho
25%
LandLetland
25%
LandLibië
25%
LandLuxemburg
25%
LandMaleisië
25%
LandMongolië
25%
LandNepal
25%
LandNieuw-Zeeland
25%
LandNiger
25%
LandNigeria
25%
LandNoord-Korea
25%
LandNoorwegen
25%
LandOekraïne
25%
LandOman
25%
LandPakistan
25%
LandPanama
25%
LandParaguay
25%
LandPeru
25%
LandPolen
25%
LandPortugal
25%
LandRepubliek Congo
25%
LandRwanda
25%
LandSoedan
25%
LandSomalië
25%
LandSpanje
25%
LandTsjaad
25%
LandTunesië
25%
LandTurkije
25%
LandUruguay
25%
LandVenezuela
25%
LandVerenigde Arabische
Emiraten
25%
LandVerenigd Koninkrijk
25%
LandZambia
25%
LandZuid-Afrika
25%
LandZweden
25%
LandZwitserland
25%
LandAfghanistan
24%
LandAlbanië
24%
LandAlgerije
24%
LandAndorra
24%
LandAngola
24%
LandAntigua en Barbuda
24%
LandArgentinië
24%
LandArmenië
24%
LandAustralië
24%
LandAzerbeidzjan
24%
LandBahrein
24%
LandBangladesh
24%
LandBelarus
24%
LandBenin
24%
LandBolivia
24%
LandBosnië
en Herzegovina
24%
LandBotswana
24%
LandBrazilië
24%
LandBurundi
24%
LandChili
24%
LandChina
24%
LandColombia
24%
LandComoren
24%
LandCosta Rica
24%
LandCuba
24%
LandCyprus
24%
LandDemocratische Republiek Congo
24%
LandDenemarken
24%
LandDjibouti
24%
LandDominica
24%
LandDominicaanse Republiek
24%
LandDuitsland
24%
LandEgypte
24%
LandEl Salvador
24%
LandEquatoriaal-Guinea
24%
LandEritrea
24%
LandEstland
24%
LandEswatini
24%
LandEthiopië
24%
LandFiji
24%
LandFilipijnen
24%
LandGabon
24%
LandGambia
24%
LandGeheime Land
24%
LandGeorgië
24%
LandGhana
24%
LandGrenada
24%
LandGriekenland
24%
LandGuinee
24%
LandGuinee-Bissau
24%
LandGuyana
24%
LandHaïti
24%
LandHonduras
24%
LandHongarije
24%
LandIJsland
24%
LandIndonesië
24%
LandIrak
24%
LandIsraël
24%
LandItalië
24%
LandIvoorkust
24%
LandJamaica
24%
LandJapan
24%
LandJemen
24%
LandJordanië
24%
LandKameroen
24%
LandKazachstan
24%
LandKenia
24%
LandKirgizië
24%
LandKiribati
24%
LandKoeweit
24%
LandKosovo
24%
LandKroatië
24%
LandLesotho
24%
LandLetland
24%
LandLibanon
24%
LandLiberia
24%
LandLiechtenstein
24%
LandLitouwen
24%
LandMadagaskar
24%
LandMaleisië
24%
LandMali
24%
LandMalta
24%
LandMarokko
24%
LandMarshalleilanden
24%
LandMauritius
24%
LandMexico
24%
LandMicronesia
24%
LandMoldavië
24%
LandMonaco
24%
LandMongolië
24%
LandMontenegro
24%
LandMozambique
24%
LandMyanmar
24%
LandNamibië
24%
LandNauru
24%
LandNicaragua
24%
Land | Land | Land Nieuw-Zeeland
24%
LandNiger
24%
LandNigeria
24%
LandNoord-Korea
24%
LandNoord-Macedonië
24%
LandNoorwegen
24%
LandOeganda
24%
LandOekraïne
24%
LandOezbekistan
24%
LandOostenrijk
24%
LandPakistan
24%
LandPanama
24%
LandPapoea-Nieuw-Guinea
24%
LandParaguay
24%
LandPeru
24%
LandPolen
24%
LandQatar
24%
LandRepubliek Congo
24%
LandRoemenië
24%
LandRwanda
24%
LandSaint Kitts en Nevis
24%
LandSaint Lucia
24%
LandSaint Vincent en de
Grenadines
24%
LandSalomonseilanden
24%
LandSamoa
24%
LandSan Marino
24%
LandSeychellen
24%
LandSierra Leone
24%
LandSlovenië
24%
LandSlowakije
24%
LandSoedan
24%
LandSomalië
24%
LandSpanje
24%
LandSri Lanka
24%
LandSuriname
24%
LandSyrië
24%
LandTadzjikistan
24%
LandTaiwan
24%
LandThailand
24%
LandTogo
24%
LandTonga
24%
LandTrinidad en Tobago
24%
LandTsjaad
24%
LandTsjechië
24%
LandTunesië
24%
LandTurkije
24%
LandTurkmenistan
24%
LandTuvalu
24%
LandUruguay
24%
LandVanuatu
24%
LandVaticaanstad
24%
LandVenezuela
24%
LandVerenigde Arabische
Emiraten
24%
LandVerenigd Koninkrijk
24%
LandVietnam
24%
LandZambia
24%
LandZimbabwe
24%
LandZuid-Afrika
24%
LandZuid-Korea
24%
LandZuid-Soedan
24%
LandZweden
24%
LandAfghanistan
23%
LandAlgerije
23%
LandAngola
23%
LandAntigua en Barbuda
23%
LandAustralië
23%
LandBahama's
23%
LandBahrein
23%
LandBangladesh
23%
LandBarbados
23%
LandBenin
23%
LandBhutan
23%
LandBolivia
23%
LandBosnië
en Herzegovina
23%
LandBotswana
23%
LandBrazilië
23%
LandBrunei
23%
LandBulgarije
23%
LandBurkina Faso
23%
LandBurundi
23%
LandCambodja
23%
LandCentraal-Afrikaanse
Republiek
23%
LandComoren
23%
LandCuba
23%
LandCyprus
23%
LandDemocratische Republiek Congo
23%
LandDenemarken
23%
LandDjibouti
23%
LandDominica
23%
LandDominicaanse Republiek
23%
LandDuitsland
23%
LandEgypte
23%
LandEquatoriaal-Guinea
23%
LandEritrea
23%
LandEswatini
23%
LandEthiopië
23%
LandFinland
23%
LandFrankrijk
23%
LandGeheime Land
23%
LandGrenada
23%
LandGriekenland
23%
LandGuatemala
23%
LandGuinee
23%
LandGuinee-Bissau
23%
LandGuyana
23%
LandHaïti
23%
LandIndia
23%
LandIndonesië
23%
LandIrak
23%
LandIran
23%
LandIsraël
23%
LandItalië
23%
LandIvoorkust
23%
LandJamaica
23%
LandJapan
23%
LandJemen
23%
LandJordanië
23%
LandKaapverdië
23%
LandKameroen
23%
LandKenia
23%
LandKirgizië
23%
LandKiribati
23%
LandKoeweit
23%
LandLaos
23%
LandLesotho
23%
LandLibanon
23%
LandLiberia
23%
LandLibië
23%
LandMadagaskar
23%
LandMalawi
23%
LandMaldiven
23%
LandMarshalleilanden
23%
LandMauritanië
23%
LandMauritius
23%
LandMexico
23%
LandMicronesia
23%
LandMoldavië
23%
LandMonaco
23%
LandMongolië
23%
LandMontenegro
23%
LandNamibië
23%
LandNauru
23%
LandNepal
23%
LandNieuw-Zeeland
23%
LandNiger
23%
LandNigeria
23%
LandNoord-Korea
23%
LandNoord-Macedonië
23%
LandOeganda
23%
LandOekraïne
23%
LandOezbekistan
23%
LandOman
23%
LandOost-Timor
23%
LandPakistan
23%
LandPalau
23%
LandPapoea-Nieuw-Guinea
23%
LandParaguay
23%
LandPolen
23%
LandQatar
23%
LandRwanda
23%
LandSaint Kitts en Nevis
23%
LandSaint Lucia
23%
LandSaint Vincent en de
Grenadines
23%
LandSalomonseilanden
23%
LandSamoa
23%
LandSaoedi-Arabië
23%
LandSao Tomé en Principe
23%
LandSeychellen
23%
LandSierra Leone
23%
LandSingapore
23%
LandSlowakije
23%
LandSpanje
23%
LandSyrië
23%
LandTanzania
23%
LandThailand
23%
LandTonga
23%
LandTrinidad en Tobago
23%
LandTsjaad
23%
LandTsjechië
23%
LandTurkmenistan
23%
LandVanuatu
23%
LandVenezuela
23%
LandVerenigde Arabische
Emiraten
23%
LandVerenigd Koninkrijk
23%
LandZambia
23%
LandZimbabwe
23%
LandZuid-Afrika
23%
LandZuid-Korea
23%
LandZuid-Soedan
23%
LandZweden
23%
LandZwitserland
23%
LandAfghanistan
22%
LandAlbanië
22%
LandAlgerije
22%
LandAndorra
22%
LandAngola
22%
LandAntigua en Barbuda
22%
LandArgentinië
22%
LandArmenië
22%
LandAustralië
22%
LandAzerbeidzjan
22%
LandBahama's
22%
LandBahrein
22%
LandBangladesh
22%
LandBarbados
22%
LandBelarus
22%
LandBelize
22%
LandBenin
22%
Land | Land Bolivia
22%
LandBosnië
en Herzegovina
22%
LandBotswana
22%
LandBrazilië
22%
LandBrunei
22%
LandBulgarije
22%
LandBurkina Faso
22%
LandBurundi
22%
LandCambodja
22%
LandCanada
22%
LandCentraal-Afrikaanse
Republiek
22%
Land Chili
22%
LandColombia
22%
LandComoren
22%
LandCosta Rica
22%
LandCuba
22%
LandCyprus
22%
LandDemocratische Republiek Congo
22%
LandDjibouti
22%
LandDominica
22%
LandDominicaanse Republiek
22%
LandDuitsland
22%
Land Ecuador
22%
LandEgypte
22%
LandEl Salvador
22%
LandEquatoriaal-Guinea
22%
LandEritrea
22%
LandEstland
22%
LandEswatini
22%
LandEthiopië
22%
LandFiji
22%
LandFilipijnen
22%
LandFinland
22%
LandFrankrijk
22%
LandGabon
22%
LandGambia
22%
LandGeheime Land
22%
LandGeorgië
22%
LandGhana
22%
LandGrenada
22%
LandGriekenland
22%
LandGuatemala
22%
LandGuinee
22%
LandGuinee-Bissau
22%
LandGuyana
22%
LandHaïti
22%
LandHonduras
22%
LandHongarije
22%
LandIerland
22%
LandIJsland
22%
LandIndia
22%
LandIrak
22%
LandIran
22%
LandIsraël
22%
LandItalië
22%
LandIvoorkust
22%
LandJamaica
22%
LandJapan
22%
LandJemen
22%
LandJordanië
22%
LandKaapverdië
22%
LandKameroen
22%
LandKazachstan
22%
LandKenia
22%
LandKirgizië
22%
LandKiribati
22%
LandKoeweit
22%
LandKosovo
22%
LandKroatië
22%
LandLesotho
22%
LandLetland
22%
LandLibanon
22%
LandLiberia
22%
LandLibië
22%
LandLiechtenstein
22%
LandLuxemburg
22%
LandMadagaskar
22%
LandMalawi
22%
LandMaldiven
22%
LandMali
22%
LandMalta
22%
LandMarokko
22%
LandMarshalleilanden
22%
LandMauritanië
22%
LandMauritius
22%
LandMexico
22%
LandMicronesia
22%
LandMoldavië
22%
LandMonaco
22%
LandMongolië
22%
LandMontenegro
22%
LandMozambique
22%
LandMyanmar
22%
LandNamibië
22%
LandNauru
22%
LandNepal
22%
LandNicaragua
22%
LandNieuw-Zeeland
22%
LandNiger
22%
LandNigeria
22%
LandNoord-Korea
22%
LandNoord-Macedonië
22%
LandNoorwegen
22%
LandOeganda
22%
LandOekraïne
22%
LandOezbekistan
22%
LandOman
22%
LandOostenrijk
22%
LandPakistan
22%
LandPalau
22%
LandPanama
22%
LandPeru
22%
LandPolen
22%
LandPortugal
22%
LandQatar
22%
LandRepubliek Congo
22%
LandRoemenië
22%
LandRwanda
22%
LandSaint Kitts en Nevis
22%
LandSaint Lucia
22%
LandSaint Vincent en de
Grenadines
22%
LandSalomonseilanden
22%
LandSamoa
22%
LandSan Marino
22%
LandSaoedi-Arabië
22%
LandSao Tomé en Principe
22%
LandSenegal
22%
LandServië
22%
LandSeychellen
22%
LandSierra Leone
22%
LandSingapore
22%
LandSlowakije
22%
LandSoedan
22%
LandSomalië
22%
LandSri Lanka
22%
LandSuriname
22%
LandSyrië
22%
LandTadzjikistan
22%
LandTaiwan
22%
LandTanzania
22%
LandThailand
22%
LandTogo
22%
LandTonga
22%
LandTrinidad en Tobago
22%
LandTsjechië
22%
LandTunesië
22%
LandTurkije
22%
LandTurkmenistan
22%
LandTuvalu
22%
LandVanuatu
22%
LandVaticaanstad
22%
LandVenezuela
22%
LandVerenigde Arabische
Emiraten
22%
LandVerenigd Koninkrijk
22%
LandVietnam
22%
LandZambia
22%
LandZimbabwe
22%
LandZuid-Afrika
22%
LandZuid-Korea
22%
LandZuid-Soedan
22%
LandZweden
22%
LandZwitserland
22%
LandAlbanië
21%
LandAlgerije
21%
LandAndorra
21%
LandAngola
21%
LandArgentinië
21%
LandArmenië
21%
LandAustralië
21%
LandAzerbeidzjan
21%
LandBahrein
21%
LandBarbados
21%
LandBelarus
21%
LandBelize
21%
LandBhutan
21%
LandBolivia
21%
LandBosnië
en Herzegovina
21%
LandBotswana
21%
LandBrunei
21%
LandBulgarije
21%
LandBurkina Faso
21%
LandCambodja
21%
LandCentraal-Afrikaanse
Republiek
21%
LandChili
21%
LandColombia
21%
LandComoren
21%
LandCuba
21%
LandDemocratische Republiek Congo
21%
LandDjibouti
21%
LandDominicaanse Republiek
21%
LandEgypte
21%
LandEl Salvador
21%
LandEquatoriaal-Guinea
21%
LandEritrea
21%
LandEstland
21%
LandEswatini
21%
LandEthiopië
21%
LandFilipijnen
21%
LandFinland
21%
LandGabon
21%
LandGeheime Land
21%
LandGeorgië
21%
LandGhana
21%
LandGrenada
21%
LandGriekenland
21%
LandGuatemala
21%
LandGuyana
21%
LandHaïti
21%
LandHonduras
21%
LandHongarije
21%
LandIJsland
21%
LandIndonesië
21%
LandIrak
21%
LandIran
21%
LandIsraël
21%
LandItalië
21%
LandIvoorkust
21%
LandJamaica
21%
LandJemen
21%
LandJordanië
21%
LandKaapverdië
21%
LandKameroen
21%
LandKazachstan
21%
LandKirgizië
21%
LandKoeweit
21%
LandKosovo
21%
LandKroatië
21%
LandLaos
21%
LandLesotho
21%
LandLetland
21%
LandLibanon
21%
LandLiberia
21%
LandLibië
21%
LandLitouwen
21%
LandLuxemburg
21%
LandMadagaskar
21%
LandMalawi
21%
LandMaleisië
21%
LandMalta
21%
LandMarokko
21%
LandMicronesia
21%
LandMoldavië
21%
LandMongolië
21%
LandMontenegro
21%
LandMozambique
21%
LandMyanmar
21%
LandNamibië
21%
LandNicaragua
21%
LandNieuw-Zeeland
21%
LandNiger
21%
LandNoord-Macedonië
21%
LandNoorwegen
21%
LandOeganda
21%
LandOekraïne
21%
LandOezbekistan
21%
LandOman
21%
Land Oost-Timor
21%
LandPakistan
21%
LandPanama
21%
LandPapoea-Nieuw-Guinea
21%
LandParaguay
21%
LandPeru
21%
LandPortugal
21%
LandQatar
21%
LandRepubliek Congo
21%
LandSaint Kitts en Nevis
21%
LandSalomonseilanden
21%
LandSamoa
21%
LandSan Marino
21%
LandSao Tomé en Principe
21%
LandSenegal
21%
LandServië
21%
LandSierra Leone
21%
LandSingapore
21%
LandSlovenië
21%
LandSlowakije
21%
LandSoedan
21%
LandSomalië
21%
LandSpanje
21%
LandSri Lanka
21%
LandSuriname
21%
LandSyrië
21%
LandTadzjikistan
21%
LandTaiwan
21%
LandTonga
21%
LandTrinidad en Tobago
21%
LandTsjaad
21%
LandTsjechië
21%
LandTurkije
21%
LandTurkmenistan
21%
LandTuvalu
21%
LandUruguay
21%
LandVanuatu
21%
LandVenezuela
21%
LandVerenigde Arabische
Emiraten
21%
LandVerenigd Koninkrijk
21%
LandVietnam
21%
LandZambia
21%
LandZuid-Afrika
21%
LandZuid-Soedan
21%
LandZweden
21%
LandZwitserland
21%
LandAfghanistan
20%
LandAlbanië
20%
LandAlgerije
20%
LandAndorra
20%
LandAngola
20%
LandAntigua en Barbuda
20%
LandArgentinië
20%
LandArmenië
20%
LandAustralië
20%
LandAzerbeidzjan
20%
LandBahama's
20%
LandBahrein
20%
LandBangladesh
20%
LandBarbados
20%
LandBelarus
20%
LandBelize
20%
LandBenin
20%
LandBhutan
20%
LandBolivia
20%
LandBosnië
en Herzegovina
20%
LandBotswana
20%
LandBrazilië
20%
LandBrunei
20%
LandBulgarije
20%
LandBurkina Faso
20%
LandBurundi
20%
LandCambodja
20%
LandCanada
20%
LandCentraal-Afrikaanse
Republiek
20%
LandColombia
20%
LandComoren
20%
LandCosta Rica
20%
LandCuba
20%
LandCyprus
20%
LandDenemarken
20%
LandDjibouti
20%
LandDominica
20%
LandDominicaanse Republiek
20%
LandEcuador
20%
LandEgypte
20%
LandEl Salvador
20%
LandEquatoriaal-Guinea
20%
LandEritrea
20%
LandEstland
20%
LandEswatini
20%
LandEthiopië
20%
Land Fiji
20%
LandFilipijnen
20%
LandFinland
20%
LandFrankrijk
20%
LandGabon
20%
LandGambia
20%
LandGeheime Land
20%
LandGeorgië
20%
LandGhana
20%
LandGrenada
20%
LandGriekenland
20%
LandGuatemala
20%
LandGuinee
20%
LandGuinee-Bissau
20%
LandGuyana
20%
LandHaïti
20%
LandHonduras
20%
LandIndia
20%
LandIndonesië
20%
LandIrak
20%
LandIran
20%
LandIsraël
20%
LandIvoorkust
20%
LandJamaica
20%
LandJapan
20%
LandJemen
20%
LandJordanië
20%
LandKaapverdië
20%
LandKameroen
20%
LandKazachstan
20%
LandKenia
20%
LandKirgizië
20%
LandKiribati
20%
LandKoeweit
20%
LandKosovo
20%
LandKroatië
20%
LandLaos
20%
LandLesotho
20%
LandLibanon
20%
LandLiberia
20%
LandLitouwen
20%
LandLuxemburg
20%
LandMadagaskar
20%
LandMalawi
20%
LandMaldiven
20%
LandMaleisië
20%
LandMali
20%
LandMalta
20%
LandMarokko
20%
LandMarshalleilanden
20%
LandMauritanië
20%
LandMauritius
20%
LandMexico
20%
LandMicronesia
20%
LandMonaco
20%
LandMontenegro
20%
LandMozambique
20%
LandMyanmar
20%
LandNamibië
20%
LandNauru
20%
LandNepal
20%
LandNicaragua
20%
LandNieuw-Zeeland
20%
LandNiger
20%
LandNigeria
20%
LandNoord-Korea
20%
LandNoord-Macedonië
20%
LandNoorwegen
20%
LandOeganda
20%
LandOekraïne
20%
LandOezbekistan
20%
LandOman
20%
LandOostenrijk
20%
LandOost-Timor
20%
LandPakistan
20%
LandPalau
20%
LandPapoea-Nieuw-Guinea
20%
LandParaguay
20%
LandPeru
20%
LandPolen
20%
LandPortugal
20%
LandQatar
20%
LandRepubliek Congo
20%
LandRoemenië
20%
LandRwanda
20%
LandSaint Kitts en Nevis
20%
LandSaint Lucia
20%
LandSaint Vincent en de
Grenadines
20%
LandSalomonseilanden
20%
LandSamoa
20%
LandSaoedi-Arabië
20%
LandSao Tomé en Principe
20%
LandSenegal
20%
LandServië
20%
LandSeychellen
20%
LandSierra Leone
20%
Land | Land Singapore
20%
LandSlovenië
20%
LandSlowakije
20%
LandSoedan
20%
LandSomalië
20%
LandSpanje
20%
LandSri Lanka
20%
LandSuriname
20%
LandSyrië
20%
LandTadzjikistan
20%
LandTaiwan
20%
LandTanzania
20%
LandThailand
20%
LandTogo
20%
LandTonga
20%
LandTrinidad en Tobago
20%
LandTsjaad
20%
LandTunesië
20%
LandTurkmenistan
20%
LandTuvalu
20%
LandUruguay
20%
LandVanuatu
20%
LandVaticaanstad
20%
LandVenezuela
20%
LandVerenigde Arabische
Emiraten
20%
LandVerenigd Koninkrijk
20%
LandVietnam
20%
LandZambia
20%
LandZimbabwe
20%
LandZuid-Korea
20%
LandZuid-Soedan
20%
LandAfghanistan
19%
LandAlbanië
19%
LandAlgerije
19%
LandAndorra
19%
LandAntigua en Barbuda
19%
LandArgentinië
19%
LandArmenië
19%
LandAzerbeidzjan
19%
LandBahama's
19%
LandBahrein
19%
LandBangladesh
19%
LandBarbados
19%
LandBelarus
19%
LandBenin
19%
LandBhutan
19%
LandBolivia
19%
LandBotswana
19%
LandBrazilië
19%
LandBrunei
19%
LandBulgarije
19%
LandBurkina Faso
19%
LandBurundi
19%
LandCambodja
19%
LandCanada
19%
LandChili
19%
LandColombia
19%
LandComoren
19%
LandCosta Rica
19%
LandCuba
19%
LandCyprus
19%
LandDemocratische Republiek Congo
19%
LandDenemarken
19%
LandDjibouti
19%
LandDominica
19%
LandDuitsland
19%
LandEcuador
19%
LandEgypte
19%
LandEl Salvador
19%
LandEstland
19%
LandEswatini
19%
LandEthiopië
19%
LandFiji
19%
LandFilipijnen
19%
LandFinland
19%
LandFrankrijk
19%
LandGambia
19%
LandGeheime Land
19%
LandGeorgië
19%
LandGhana
19%
LandGrenada
19%
LandGuatemala
19%
LandGuinee
19%
LandGuinee-Bissau
19%
LandHaïti
19%
LandHonduras
19%
LandHongarije
19%
LandIerland
19%
LandIJsland
19%
LandIndia
19%
LandIndonesië
19%
LandIran
19%
LandIsraël
19%
LandIvoorkust
19%
LandJamaica
19%
LandJemen
19%
LandJordanië
19%
LandKenia
19%
LandKiribati
19%
LandKoeweit
19%
LandKosovo
19%
LandKroatië
19%
LandLaos
19%
LandLesotho
19%
LandLetland
19%
LandLibanon
19%
LandLiberia
19%
LandLibië
19%
LandLiechtenstein
19%
LandLitouwen
19%
LandLuxemburg
19%
LandMadagaskar
19%
LandMalawi
19%
LandMaldiven
19%
LandMaleisië
19%
LandMali
19%
LandMalta
19%
LandMarshalleilanden
19%
LandMauritanië
19%
LandMauritius
19%
LandMexico
19%
LandMicronesia
19%
LandMoldavië
19%
LandMonaco
19%
LandMontenegro
19%
LandMozambique
19%
LandMyanmar
19%
LandNamibië
19%
LandNauru
19%
LandNepal
19%
LandNicaragua
19%
Land | Land Nieuw-Zeeland
19%
LandNiger
19%
LandNigeria
19%
LandNoord-Korea
19%
LandNoord-Macedonië
19%
LandNoorwegen
19%
LandOekraïne
19%
LandOostenrijk
19%
LandOost-Timor
19%
LandPakistan
19%
LandPalau
19%
LandPanama
19%
LandPapoea-Nieuw-Guinea
19%
LandParaguay
19%
LandPeru
19%
LandPolen
19%
LandPortugal
19%
LandQatar
19%
LandRepubliek Congo
19%
LandRoemenië
19%
LandRwanda
19%
LandSaint Kitts en Nevis
19%
LandSaint Lucia
19%
LandSaint Vincent en de
Grenadines
19%
LandSalomonseilanden
19%
Land Samoa
19%
LandSan Marino
19%
LandSaoedi-Arabië
19%
LandSenegal
19%
LandSeychellen
19%
LandSierra Leone
19%
LandSingapore
19%
LandSlovenië
19%
LandSomalië
19%
LandSpanje
19%
LandSri Lanka
19%
LandSuriname
19%
LandSyrië
19%
LandTadzjikistan
19%
LandTaiwan
19%
LandTanzania
19%
LandThailand
19%
LandTogo
19%
LandTonga
19%
LandTsjaad
19%
LandTsjechië
19%
LandTunesië
19%
LandTurkije
19%
LandTurkmenistan
19%
LandTuvalu
19%
LandUruguay
19%
LandVanuatu
19%
LandVaticaanstad
19%
LandVenezuela
19%
LandVerenigd Koninkrijk
19%
LandVietnam
19%
LandZimbabwe
19%
LandZuid-Afrika
19%
LandZuid-Korea
19%
LandZuid-Soedan
19%
LandZweden
19%
LandZwitserland
19%
LandAfghanistan
18%
LandAlbanië
18%
LandAlgerije
18%
LandAndorra
18%
LandAntigua en Barbuda
18%
LandArgentinië
18%
LandArmenië
18%
LandAustralië
18%
LandAzerbeidzjan
18%
LandBahama's
18%
LandBahrein
18%
LandBangladesh
18%
LandBarbados
18%
LandBelize
18%
LandBenin
18%
LandBhutan
18%
Land Bolivia
18%
LandBosnië
en Herzegovina
18%
LandBotswana
18%
LandBrazilië
18%
LandBrunei
18%
LandBulgarije
18%
LandBurkina Faso
18%
LandBurundi
18%
LandCambodja
18%
LandCanada
18%
LandCentraal-Afrikaanse
Republiek
18%
LandChili
18%
LandComoren
18%
LandCosta Rica
18%
LandCuba
18%
LandCyprus
18%
LandDemocratische Republiek Congo
18%
LandDenemarken
18%
LandDjibouti
18%
LandDominica
18%
LandDominicaanse Republiek
18%
LandDuitsland
18%
LandEcuador
18%
LandEl Salvador
18%
LandEquatoriaal-Guinea
18%
LandEritrea
18%
LandEswatini
18%
LandEthiopië
18%
LandFiji
18%
LandFilipijnen
18%
LandFinland
18%
LandGabon
18%
LandGambia
18%
LandGeheime Land
18%
LandGeorgië
18%
LandGhana
18%
LandGrenada
18%
LandGriekenland
18%
LandGuatemala
18%
LandGuinee
18%
LandGuinee-Bissau
18%
LandGuyana
18%
LandHaïti
18%
LandHonduras
18%
LandHongarije
18%
LandIerland
18%
LandIJsland
18%
LandIndia
18%
LandIndonesië
18%
LandIrak
18%
LandIran
18%
LandIsraël
18%
LandItalië
18%
LandIvoorkust
18%
LandJamaica
18%
LandJapan
18%
LandJemen
18%
LandJordanië
18%
LandKaapverdië
18%
LandKameroen
18%
LandKazachstan
18%
LandKenia
18%
LandKirgizië
18%
LandKiribati
18%
LandKoeweit
18%
LandKosovo
18%
LandKroatië
18%
LandLaos
18%
LandLesotho
18%
LandLetland
18%
LandLibanon
18%
LandLiberia
18%
LandLibië
18%
LandLiechtenstein
18%
LandLitouwen
18%
LandLuxemburg
18%
LandMadagaskar
18%
LandMalawi
18%
LandMaldiven
18%
LandMaleisië
18%
LandMali
18%
LandMalta
18%
LandMarokko
18%
LandMarshalleilanden
18%
LandMauritanië
18%
LandMexico
18%
LandMicronesia
18%
LandMoldavië
18%
LandMonaco
18%
LandMongolië
18%
LandMontenegro
18%
LandMozambique
18%
LandNamibië
18%
LandNauru
18%
LandNicaragua
18%
LandNieuw-Zeeland
18%
LandNiger
18%
LandNigeria
18%
LandNoord-Korea
18%
LandNoord-Macedonië
18%
LandOeganda
18%
LandOekraïne
18%
LandOezbekistan
18%
LandOman
18%
LandOostenrijk
18%
LandOost-Timor
18%
LandPalau
18%
LandPanama
18%
LandPapoea-Nieuw-Guinea
18%
LandParaguay
18%
LandPortugal
18%
LandQatar
18%
LandRoemenië
18%
LandRwanda
18%
LandSaint Kitts en Nevis
18%
LandSaint Lucia
18%
LandSaint Vincent en de
Grenadines
18%
LandSalomonseilanden
18%
LandSamoa
18%
LandSan Marino
18%
LandSaoedi-Arabië
18%
LandSao Tomé en Principe
18%
LandSenegal
18%
LandServië
18%
LandSierra Leone
18%
LandSlovenië
18%
LandSlowakije
18%
LandSoedan
18%
LandSomalië
18%
LandSri Lanka
18%
LandSuriname
18%
LandSyrië
18%
LandTadzjikistan
18%
LandTaiwan
18%
LandTanzania
18%
LandThailand
18%
LandTogo
18%
LandTonga
18%
LandTrinidad en Tobago
18%
LandTsjaad
18%
LandTunesië
18%
LandTurkije
18%
LandTurkmenistan
18%
LandTuvalu
18%
LandUruguay
18%
LandVanuatu
18%
LandVaticaanstad
18%
LandVerenigde Arabische
Emiraten
18%
LandVerenigd Koninkrijk
18%
LandVietnam
18%
LandZambia
18%
LandZimbabwe
18%
LandZuid-Afrika
18%
LandZuid-Korea
18%
LandZuid-Soedan
18%
LandZweden
18%
LandZwitserland
18%
LandAfghanistan
17%
LandAlbanië
17%
LandAlgerije
17%
LandAndorra
17%
LandAngola
17%
LandAntigua en Barbuda
17%
LandArgentinië
17%
LandArmenië
17%
LandAzerbeidzjan
17%
LandBahama's
17%
LandBahrein
17%
LandBangladesh
17%
LandBarbados
17%
LandBelarus
17%
LandBelize
17%
LandBenin
17%
LandBhutan
17%
LandBolivia
17%
LandBotswana
17%
LandBrazilië
17%
LandBrunei
17%
LandBulgarije
17%
LandBurkina Faso
17%
LandBurundi
17%
LandCambodja
17%
LandChili
17%
LandColombia
17%
LandComoren
17%
LandCosta Rica
17%
LandCyprus
17%
LandDemocratische Republiek Congo
17%
LandDenemarken
17%
LandDjibouti
17%
LandDominica
17%
LandDominicaanse Republiek
17%
LandDuitsland
17%
LandEgypte
17%
LandEquatoriaal-Guinea
17%
LandEritrea
17%
LandEswatini
17%
LandEthiopië
17%
LandFiji
17%
LandFilipijnen
17%
LandFinland
17%
LandFrankrijk
17%
LandGabon
17%
LandGambia
17%
LandGeheime Land
17%
LandGeorgië
17%
LandGhana
17%
LandGriekenland
17%
LandGuatemala
17%
LandGuinee
17%
LandGuinee-Bissau
17%
LandGuyana
17%
LandHaïti
17%
LandHonduras
17%
LandHongarije
17%
LandIerland
17%
LandIJsland
17%
LandIrak
17%
LandIran
17%
LandItalië
17%
LandIvoorkust
17%
LandJamaica
17%
LandJapan
17%
LandJemen
17%
LandJordanië
17%
LandKaapverdië
17%
LandKameroen
17%
LandKazachstan
17%
LandKenia
17%
LandKirgizië
17%
LandKiribati
17%
LandKoeweit
17%
LandKosovo
17%
LandKroatië
17%
LandLaos
17%
LandLesotho
17%
LandLibanon
17%
LandLiberia
17%
LandLibië
17%
LandLiechtenstein
17%
LandLitouwen
17%
LandLuxemburg
17%
LandMadagaskar
17%
LandMalawi
17%
LandMaldiven
17%
LandMaleisië
17%
LandMali
17%
LandMalta
17%
LandMarokko
17%
LandMarshalleilanden
17%
LandMauritanië
17%
LandMauritius
17%
LandMexico
17%
LandMicronesia
17%
LandMoldavië
17%
LandMonaco
17%
LandMontenegro
17%
LandMozambique
17%
LandMyanmar
17%
LandNamibië
17%
LandNauru
17%
LandNepal
17%
LandNicaragua
17%
LandNieuw-Zeeland
17%
LandNiger
17%
LandNoord-Korea
17%
LandNoord-Macedonië
17%
LandNoorwegen
17%
LandOeganda
17%
LandOekraïne
17%
LandOezbekistan
17%
LandOman
17%
LandOostenrijk
17%
LandOost-Timor
17%
LandPakistan
17%
LandPalau
17%
LandPanama
17%
LandPapoea-Nieuw-Guinea
17%
LandParaguay
17%
LandPeru
17%
LandPortugal
17%
LandRepubliek Congo
17%
LandRoemenië
17%
LandSaint Kitts en Nevis
17%
LandSalomonseilanden
17%
Land Samoa
17%
LandSaoedi-Arabië
17%
LandSao Tomé en Principe
17%
LandSenegal
17%
LandServië
17%
LandSeychellen
17%
LandSierra Leone
17%
Land | Land Singapore
17%
LandSlowakije
17%
LandSoedan
17%
LandSomalië
17%
LandSpanje
17%
LandSri Lanka
17%
LandSuriname
17%
LandSyrië
17%
LandTadzjikistan
17%
LandTaiwan
17%
LandTanzania
17%
LandThailand
17%
LandTogo
17%
LandTonga
17%
LandTrinidad en Tobago
17%
LandTsjaad
17%
LandTsjechië
17%
LandTunesië
17%
LandTurkije
17%
LandTurkmenistan
17%
LandTuvalu
17%
LandUruguay
17%
LandVanuatu
17%
LandVaticaanstad
17%
LandVenezuela
17%
LandVerenigde Arabische
Emiraten
17%
LandVerenigd Koninkrijk
17%
LandVietnam
17%
LandZambia
17%
LandZimbabwe
17%
LandZuid-Afrika
17%
LandZuid-Korea
17%
LandZweden
17%
LandZwitserland
17%
LandAfghanistan
16%
LandAlbanië
16%
LandAndorra
16%
LandAngola
16%
LandAntigua en Barbuda
16%
LandArgentinië
16%
LandArmenië
16%
LandAustralië
16%
LandAzerbeidzjan
16%
LandBahama's
16%
LandBahrein
16%
LandBangladesh
16%
LandBarbados
16%
LandBelarus
16%
LandBelize
16%
LandBenin
16%
LandBhutan
16%
LandBolivia
16%
LandBosnië
en Herzegovina
16%
LandBotswana
16%
LandBrazilië
16%
LandBrunei
16%
LandBulgarije
16%
LandBurkina Faso
16%
LandBurundi
16%
LandCambodja
16%
LandCanada
16%
LandCentraal-Afrikaanse
Republiek
16%
LandChili
16%
LandColombia
16%
LandComoren
16%
LandCosta Rica
16%
LandCyprus
16%
LandDemocratische Republiek Congo
16%
LandDenemarken
16%
LandDjibouti
16%
LandDominica
16%
LandDominicaanse Republiek
16%
LandEcuador
16%
LandEgypte
16%
LandEl Salvador
16%
LandEquatoriaal-Guinea
16%
LandEritrea
16%
LandEswatini
16%
LandEthiopië
16%
LandFiji
16%
LandFilipijnen
16%
LandFinland
16%
LandGabon
16%
LandGambia
16%
LandGeheime Land
16%
LandGeorgië
16%
LandGhana
16%
LandGrenada
16%
LandGriekenland
16%
LandGuatemala
16%
LandGuinee-Bissau
16%
LandGuyana
16%
LandHaïti
16%
LandHonduras
16%
LandHongarije
16%
LandIerland
16%
LandIJsland
16%
LandIndonesië
16%
LandIrak
16%
LandIran
16%
LandIsraël
16%
LandItalië
16%
LandJamaica
16%
LandJemen
16%
LandKaapverdië
16%
LandKameroen
16%
LandKazachstan
16%
LandKenia
16%
LandKirgizië
16%
LandKiribati
16%
LandKoeweit
16%
LandKosovo
16%
LandKroatië
16%
LandLaos
16%
LandLesotho
16%
LandLiberia
16%
LandLiechtenstein
16%
LandLuxemburg
16%
LandMadagaskar
16%
LandMalawi
16%
LandMaldiven
16%
LandMaleisië
16%
LandMalta
16%
LandMarokko
16%
LandMarshalleilanden
16%
LandMauritanië
16%
LandMauritius
16%
LandMicronesia
16%
LandMoldavië
16%
LandMonaco
16%
LandMongolië
16%
LandMontenegro
16%
LandMozambique
16%
LandMyanmar
16%
LandNamibië
16%
LandNauru
16%
LandNicaragua
16%
LandNieuw-Zeeland
16%
LandNiger
16%
LandNigeria
16%
LandNoord-Korea
16%
LandNoord-Macedonië
16%
LandNoorwegen
16%
LandOeganda
16%
LandOekraïne
16%
LandOman
16%
LandOostenrijk
16%
LandOost-Timor
16%
LandPakistan
16%
LandPalau
16%
LandPanama
16%
LandPapoea-Nieuw-Guinea
16%
LandPeru
16%
LandPortugal
16%
LandQatar
16%
LandRepubliek Congo
16%
LandRoemenië
16%
LandRwanda
16%
LandSaint Kitts en Nevis
16%
LandSaint Lucia
16%
LandSaint Vincent en de
Grenadines
16%
LandSalomonseilanden
16%
Land | Land Samoa
16%
LandSan Marino
16%
LandSaoedi-Arabië
16%
LandSao Tomé en Principe
16%
LandServië
16%
LandSeychellen
16%
LandSierra Leone
16%
LandSingapore
16%
LandSlovenië
16%
LandSlowakije
16%
LandSoedan
16%
LandSomalië
16%
LandSri Lanka
16%
LandSyrië
16%
LandTadzjikistan
16%
LandTaiwan
16%
LandTogo
16%
LandTonga
16%
LandTrinidad en Tobago
16%
LandTsjechië
16%
LandTunesië
16%
LandTurkmenistan
16%
Land | Land Tuvalu
16%
LandUruguay
16%
LandVanuatu
16%
LandVaticaanstad
16%
LandVenezuela
16%
LandVerenigde Arabische
Emiraten
16%
LandVerenigd Koninkrijk
16%
LandVietnam
16%
LandZambia
16%
LandZimbabwe
16%
LandZuid-Afrika
16%
LandZuid-Korea
16%
LandZuid-Soedan
16%
LandZwitserland
16%
LandAfghanistan
15%
LandAlbanië
15%
LandAlgerije
15%
Land | Land Andorra
15%
LandAntigua en Barbuda
15%
LandArgentinië
15%
LandArmenië
15%
LandAzerbeidzjan
15%
LandBahama's
15%
LandBahrein
15%
LandBangladesh
15%
LandBarbados
15%
LandBelarus
15%
LandBelize
15%
LandBenin
15%
LandBhutan
15%
LandBolivia
15%
LandBosnië
en Herzegovina
15%
LandBotswana
15%
LandBrazilië
15%
LandBrunei
15%
LandBulgarije
15%
LandBurkina Faso
15%
LandBurundi
15%
LandCambodja
15%
LandCentraal-Afrikaanse
Republiek
15%
LandChili
15%
LandColombia
15%
LandComoren
15%
LandCosta Rica
15%
LandCuba
15%
LandCyprus
15%
LandDemocratische Republiek Congo
15%
LandDjibouti
15%
LandDominica
15%
LandDominicaanse Republiek
15%
LandDuitsland
15%
LandEcuador
15%
LandEl Salvador
15%
LandEquatoriaal-Guinea
15%
LandEritrea
15%
LandEstland
15%
LandEswatini
15%
LandEthiopië
15%
LandFiji
15%
LandFilipijnen
15%
LandFinland
15%
LandFrankrijk
15%
LandGabon
15%
LandGambia
15%
LandGeheime Land
15%
LandGeorgië
15%
LandGrenada
15%
LandGriekenland
15%
LandGuatemala
15%
LandGuinee
15%
LandGuinee-Bissau
15%
LandGuyana
15%
LandHonduras
15%
LandHongarije
15%
LandIerland
15%
LandIJsland
15%
LandIndonesië
15%
LandIran
15%
LandIsraël
15%
LandIvoorkust
15%
LandJamaica
15%
LandJapan
15%
LandJemen
15%
LandJordanië
15%
LandKaapverdië
15%
LandKameroen
15%
LandKazachstan
15%
LandKirgizië
15%
LandKiribati
15%
LandKoeweit
15%
LandKosovo
15%
LandKroatië
15%
LandLaos
15%
LandLesotho
15%
LandLetland
15%
LandLibanon
15%
LandLiberia
15%
LandLibië
15%
LandLitouwen
15%
LandLuxemburg
15%
LandMadagaskar
15%
LandMalawi
15%
LandMaldiven
15%
LandMaleisië
15%
LandMalta
15%
LandMarokko
15%
LandMarshalleilanden
15%
LandMauritanië
15%
LandMauritius
15%
LandMexico
15%
LandMicronesia
15%
LandMoldavië
15%
LandMonaco
15%
LandMontenegro
15%
LandMyanmar
15%
LandNamibië
15%
LandNauru
15%
LandNepal
15%
LandNicaragua
15%
LandNieuw-Zeeland
15%
LandNiger
15%
LandNoord-Korea
15%
LandNoord-Macedonië
15%
LandNoorwegen
15%
LandOeganda
15%
LandOekraïne
15%
LandOezbekistan
15%
LandOman
15%
LandOost-Timor
15%
LandPakistan
15%
LandPalau
15%
LandPapoea-Nieuw-Guinea
15%
LandParaguay
15%
LandPeru
15%
LandPolen
15%
LandQatar
15%
LandRepubliek Congo
15%
LandRoemenië
15%
LandRwanda
15%
LandSaint Kitts en Nevis
15%
LandSaint Lucia
15%
LandSaint Vincent en de
Grenadines
15%
LandSalomonseilanden
15%
Land | Land | Land Samoa
15%
LandSan Marino
15%
LandSaoedi-Arabië
15%
LandSao Tomé en Principe
15%
LandSenegal
15%
LandServië
15%
LandSierra Leone
15%
LandSingapore
15%
LandSlovenië
15%
LandSlowakije
15%
LandSomalië
15%
LandSpanje
15%
LandSri Lanka
15%
LandSuriname
15%
LandSyrië
15%
LandTadzjikistan
15%
LandTaiwan
15%
LandThailand
15%
LandTogo
15%
LandTonga
15%
LandTrinidad en Tobago
15%
LandTsjaad
15%
LandTsjechië
15%
LandTunesië
15%
LandTurkije
15%
LandTurkmenistan
15%
LandTuvalu
15%
LandUruguay
15%
LandVanuatu
15%
LandVaticaanstad
15%
LandVenezuela
15%
LandVerenigde Arabische
Emiraten
15%
LandVerenigd Koninkrijk
15%
LandVietnam
15%
LandZambia
15%
LandZimbabwe
15%
LandZuid-Afrika
15%
LandZuid-Soedan
15%
LandZweden
15%
LandZwitserland
15%
LandAfghanistan
14%
LandAlgerije
14%
LandAngola
14%
LandAntigua en Barbuda
14%
LandArgentinië
14%
LandArmenië
14%
LandAzerbeidzjan
14%
LandBahama's
14%
LandBahrein
14%
LandBangladesh
14%
LandBarbados
14%
LandBelarus
14%
LandBelize
14%
LandBenin
14%
LandBhutan
14%
LandBolivia
14%
LandBosnië
en Herzegovina
14%
LandBotswana
14%
LandBrunei
14%
LandBulgarije
14%
LandBurkina Faso
14%
LandBurundi
14%
LandCambodja
14%
LandCentraal-Afrikaanse
Republiek
14%
LandChili
14%
LandColombia
14%
LandComoren
14%
Land | Land Costa Rica
14%
LandCuba
14%
LandCyprus
14%
LandDemocratische Republiek Congo
14%
LandDenemarken
14%
LandDjibouti
14%
LandDominica
14%
LandDominicaanse Republiek
14%
LandDuitsland
14%
LandEcuador
14%
LandEl Salvador
14%
LandEquatoriaal-Guinea
14%
LandEritrea
14%
LandEstland
14%
LandEthiopië
14%
LandFiji
14%
LandFilipijnen
14%
LandGabon
14%
LandGambia
14%
LandGeheime Land
14%
LandGeorgië
14%
LandGhana
14%
LandGrenada
14%
LandGriekenland
14%
LandGuatemala
14%
LandGuinee
14%
LandGuinee-Bissau
14%
LandGuyana
14%
LandHaïti
14%
LandHonduras
14%
LandHongarije
14%
LandIerland
14%
LandIndonesië
14%
LandIrak
14%
LandIran
14%
LandIsraël
14%
LandItalië
14%
LandIvoorkust
14%
LandJamaica
14%
LandJapan
14%
LandJemen
14%
LandJordanië
14%
LandKaapverdië
14%
LandKameroen
14%
LandKenia
14%
LandKirgizië
14%
LandKiribati
14%
LandKoeweit
14%
LandKosovo
14%
LandKroatië
14%
LandLaos
14%
LandLesotho
14%
LandLetland
14%
LandLibanon
14%
LandLiberia
14%
LandLiechtenstein
14%
LandLitouwen
14%
LandMadagaskar
14%
LandMalawi
14%
LandMaldiven
14%
LandMaleisië
14%
LandMali
14%
LandMalta
14%
LandMarokko
14%
LandMarshalleilanden
14%
LandMauritanië
14%
LandMauritius
14%
LandMexico
14%
LandMoldavië
14%
LandMonaco
14%
LandMongolië
14%
LandMontenegro
14%
LandMozambique
14%
LandMyanmar
14%
LandNamibië
14%
LandNepal
14%
LandNicaragua
14%
Land | Land Nieuw-Zeeland
14%
LandNiger
14%
LandNigeria
14%
LandNoord-Korea
14%
LandNoord-Macedonië
14%
LandNoorwegen
14%
LandOeganda
14%
LandOezbekistan
14%
LandOman
14%
LandOostenrijk
14%
LandOost-Timor
14%
LandPakistan
14%
LandPalau
14%
LandPanama
14%
LandPapoea-Nieuw-Guinea
14%
LandParaguay
14%
LandPeru
14%
LandPolen
14%
LandPortugal
14%
LandQatar
14%
LandRepubliek Congo
14%
LandRoemenië
14%
LandSaint Kitts en Nevis
14%
LandSaint Lucia
14%
LandSaint Vincent en de
Grenadines
14%
LandSalomonseilanden
14%
LandSan Marino
14%
LandSaoedi-Arabië
14%
LandSao Tomé en Principe
14%
LandSenegal
14%
LandSeychellen
14%
LandSierra Leone
14%
LandSlovenië
14%
LandSlowakije
14%
LandSoedan
14%
LandSomalië
14%
LandSpanje
14%
LandSri Lanka
14%
LandSuriname
14%
LandSyrië
14%
LandTadzjikistan
14%
LandTaiwan
14%
LandTanzania
14%
LandTogo
14%
LandTonga
14%
LandTrinidad en Tobago
14%
LandTsjaad
14%
LandTsjechië
14%
LandTunesië
14%
LandTurkije
14%
LandTurkmenistan
14%
LandTuvalu
14%
LandUruguay
14%
LandVanuatu
14%
LandVaticaanstad
14%
LandVenezuela
14%
LandVerenigde Arabische
Emiraten
14%
LandVerenigd Koninkrijk
14%
LandZambia
14%
LandZimbabwe
14%
LandZuid-Korea
14%
LandZweden
14%
LandZwitserland
14%
LandAfghanistan
13%
LandAlbanië
13%
LandAlgerije
13%
LandAndorra
13%
LandAntigua en Barbuda
13%
LandArmenië
13%
LandAustralië
13%
LandAzerbeidzjan
13%
LandBahama's
13%
LandBahrein
13%
LandBangladesh
13%
LandBarbados
13%
LandBelarus
13%
LandBelize
13%
LandBenin
13%
LandBhutan
13%
LandBolivia
13%
LandBosnië
en Herzegovina
13%
LandBotswana
13%
LandBrunei
13%
LandBulgarije
13%
LandBurkina Faso
13%
LandBurundi
13%
LandCentraal-Afrikaanse
Republiek
13%
LandChili
13%
LandColombia
13%
LandComoren
13%
LandCosta Rica
13%
LandCuba
13%
LandCyprus
13%
LandDemocratische Republiek Congo
13%
LandDenemarken
13%
LandDjibouti
13%
LandDominica
13%
LandDominicaanse Republiek
13%
LandEcuador
13%
LandEl Salvador
13%
LandEquatoriaal-Guinea
13%
LandEritrea
13%
LandEstland
13%
LandEswatini
13%
LandEthiopië
13%
LandFiji
13%
LandFilipijnen
13%
LandFinland
13%
LandFrankrijk
13%
LandGabon
13%
LandGambia
13%
LandGeheime Land
13%
LandGeorgië
13%
LandGhana
13%
LandGrenada
13%
LandGriekenland
13%
LandGuatemala
13%
LandGuinee
13%
LandGuinee-Bissau
13%
LandGuyana
13%
LandHaïti
13%
LandHonduras
13%
LandHongarije
13%
LandIerland
13%
LandIJsland
13%
LandIndia
13%
LandIndonesië
13%
LandIrak
13%
LandIran
13%
LandIsraël
13%
LandItalië
13%
LandIvoorkust
13%
LandJamaica
13%
LandJordanië
13%
LandKaapverdië
13%
LandKameroen
13%
LandKazachstan
13%
LandKenia
13%
LandKirgizië
13%
LandKiribati
13%
LandKoeweit
13%
LandKosovo
13%
LandKroatië
13%
LandLaos
13%
LandLesotho
13%
LandLetland
13%
LandLibanon
13%
LandLiberia
13%
LandLibië
13%
LandLiechtenstein
13%
LandLitouwen
13%
LandMalawi
13%
LandMaldiven
13%
LandMaleisië
13%
LandMali
13%
LandMalta
13%
LandMarshalleilanden
13%
LandMauritanië
13%
LandMauritius
13%
LandMicronesia
13%
LandMoldavië
13%
LandMonaco
13%
LandMongolië
13%
LandMontenegro
13%
LandMozambique
13%
LandMyanmar
13%
LandNamibië
13%
LandNauru
13%
LandNepal
13%
LandNicaragua
13%
LandNieuw-Zeeland
13%
LandNiger
13%
LandNigeria
13%
LandNoord-Korea
13%
LandNoord-Macedonië
13%
LandNoorwegen
13%
LandOeganda
13%
LandOekraïne
13%
LandOezbekistan
13%
LandOman
13%
LandOostenrijk
13%
LandOost-Timor
13%
LandPalau
13%
LandPanama
13%
LandPapoea-Nieuw-Guinea
13%
LandParaguay
13%
LandPeru
13%
LandPortugal
13%
LandQatar
13%
LandRepubliek Congo
13%
LandRwanda
13%
LandSaint Kitts en Nevis
13%
LandSaint Lucia
13%
LandSaint Vincent en de
Grenadines
13%
LandSalomonseilanden
13%
LandSamoa
13%
LandSan Marino
13%
LandSaoedi-Arabië
13%
LandSao Tomé en Principe
13%
LandSenegal
13%
LandServië
13%
LandSeychellen
13%
LandSierra Leone
13%
LandSingapore
13%
LandSlovenië
13%
LandSlowakije
13%
LandSomalië
13%
LandSuriname
13%
LandTadzjikistan
13%
LandTaiwan
13%
LandTanzania
13%
LandThailand
13%
LandTogo
13%
LandTonga
13%
LandTrinidad en Tobago
13%
LandTsjaad
13%
LandTsjechië
13%
LandTunesië
13%
LandTurkije
13%
Land | Land Tuvalu
13%
LandUruguay
13%
LandVanuatu
13%
LandVaticaanstad
13%
LandVenezuela
13%
LandVerenigde Arabische
Emiraten
13%
LandVerenigd Koninkrijk
13%
LandVietnam
13%
LandZambia
13%
LandZimbabwe
13%
LandZuid-Afrika
13%
LandZuid-Korea
13%
LandZuid-Soedan
13%
LandZweden
13%
LandAfghanistan
12%
LandAlbanië
12%
LandAlgerije
12%
LandAndorra
12%
LandAngola
12%
LandAntigua en Barbuda
12%
LandArgentinië
12%
LandArmenië
12%
LandAustralië
12%
LandBahama's
12%
LandBahrein
12%
LandBarbados
12%
LandBelize
12%
LandBenin
12%
LandBolivia
12%
LandBosnië
en Herzegovina
12%
LandBotswana
12%
LandBrunei
12%
LandBulgarije
12%
LandBurkina Faso
12%
LandBurundi
12%
LandCambodja
12%
LandCanada
12%
LandCentraal-Afrikaanse
Republiek
12%
LandChili
12%
LandColombia
12%
LandComoren
12%
LandCosta Rica
12%
LandCuba
12%
LandCyprus
12%
LandDemocratische Republiek Congo
12%
LandDenemarken
12%
LandDjibouti
12%
LandDominicaanse Republiek
12%
LandEgypte
12%
LandEl Salvador
12%
LandEquatoriaal-Guinea
12%
LandEritrea
12%
LandEswatini
12%
LandEthiopië
12%
LandFiji
12%
LandFilipijnen
12%
LandGabon
12%
LandGambia
12%
LandGeheime Land
12%
LandGeorgië
12%
LandGhana
12%
LandGrenada
12%
LandGriekenland
12%
LandGuatemala
12%
LandGuinee
12%
LandGuinee-Bissau
12%
LandGuyana
12%
LandHaïti
12%
LandHongarije
12%
LandIerland
12%
LandIJsland
12%
LandIndonesië
12%
LandIrak
12%
LandIran
12%
LandIsraël
12%
LandItalië
12%
LandIvoorkust
12%
LandJamaica
12%
LandJemen
12%
LandJordanië
12%
LandKaapverdië
12%
LandKameroen
12%
LandKazachstan
12%
LandKenia
12%
LandKirgizië
12%
LandKiribati
12%
LandKoeweit
12%
LandKroatië
12%
LandLaos
12%
LandLesotho
12%
LandLetland
12%
LandLibië
12%
LandLiechtenstein
12%
LandLuxemburg
12%
LandMadagaskar
12%
LandMalawi
12%
LandMaldiven
12%
LandMaleisië
12%
LandMali
12%
LandMalta
12%
LandMarshalleilanden
12%
LandMauritanië
12%
LandMauritius
12%
LandMexico
12%
LandMicronesia
12%
LandMontenegro
12%
LandMozambique
12%
LandMyanmar
12%
LandNamibië
12%
LandNauru
12%
LandNepal
12%
LandNicaragua
12%
LandNieuw-Zeeland
12%
LandNigeria
12%
LandNoord-Korea
12%
LandNoord-Macedonië
12%
LandNoorwegen
12%
LandOeganda
12%
LandOekraïne
12%
LandOezbekistan
12%
LandOostenrijk
12%
LandOost-Timor
12%
LandPalau
12%
Land | Land Panama
12%
LandParaguay
12%
LandPeru
12%
LandPolen
12%
LandPortugal
12%
LandQatar
12%
LandRepubliek Congo
12%
LandRoemenië
12%
LandRwanda
12%
LandSaint Kitts en Nevis
12%
LandSaint Lucia
12%
LandSaint Vincent en de
Grenadines
12%
LandSalomonseilanden
12%
Land | Land Samoa
12%
LandSan Marino
12%
LandSaoedi-Arabië
12%
LandSao Tomé en Principe
12%
LandSenegal
12%
LandSeychellen
12%
LandSierra Leone
12%
LandSingapore
12%
LandSlowakije
12%
LandSoedan
12%
LandSomalië
12%
LandSri Lanka
12%
LandSuriname
12%
LandSyrië
12%
LandTaiwan
12%
LandTanzania
12%
LandThailand
12%
LandTogo
12%
LandTonga
12%
LandTrinidad en Tobago
12%
LandTsjaad
12%
LandTunesië
12%
LandTurkije
12%
LandTuvalu
12%
LandUruguay
12%
LandVanuatu
12%
LandVaticaanstad
12%
LandVenezuela
12%
LandVerenigde Arabische
Emiraten
12%
LandVietnam
12%
LandZambia
12%
LandZimbabwe
12%
LandZuid-Afrika
12%
LandZuid-Korea
12%
LandZuid-Soedan
12%
LandZweden
12%
LandZwitserland
12%
LandAfghanistan
11%
LandAlbanië
11%
LandAlgerije
11%
LandAndorra
11%
LandAntigua en Barbuda
11%
LandArgentinië
11%
LandArmenië
11%
LandAzerbeidzjan
11%
LandBahama's
11%
LandBahrein
11%
LandBangladesh
11%
LandBarbados
11%
LandBelarus
11%
LandBelize
11%
LandBenin
11%
LandBhutan
11%
LandBolivia
11%
LandBosnië
en Herzegovina
11%
LandBotswana
11%
LandBrunei
11%
LandBulgarije
11%
LandBurkina Faso
11%
LandBurundi
11%
LandCambodja
11%
LandCentraal-Afrikaanse
Republiek
11%
LandChili
11%
LandColombia
11%
LandComoren
11%
LandCosta Rica
11%
LandCuba
11%
LandCyprus
11%
LandDemocratische Republiek Congo
11%
LandDenemarken
11%
LandDjibouti
11%
LandDominica
11%
LandDominicaanse Republiek
11%
LandEcuador
11%
LandEgypte
11%
LandEl Salvador
11%
LandEquatoriaal-Guinea
11%
LandEritrea
11%
LandEstland
11%
LandEswatini
11%
LandEthiopië
11%
LandFiji
11%
LandFilipijnen
11%
LandFinland
11%
LandGabon
11%
LandGambia
11%
LandGeheime Land
11%
LandGeheime land
11%
LandGeorgië
11%
LandGhana
11%
LandGrenada
11%
Land | Land Guatemala
11%
LandGuinee
11%
LandGuinee-Bissau
11%
LandGuyana
11%
LandHaïti
11%
LandHonduras
11%
LandHongarije
11%
LandIerland
11%
LandIndia
11%
LandIrak
11%
LandIran
11%
LandIsraël
11%
LandIvoorkust
11%
LandJamaica
11%
LandJapan
11%
LandJemen
11%
LandJordanië
11%
LandKaapverdië
11%
LandKameroen
11%
LandKazachstan
11%
LandKenia
11%
LandKirgizië
11%
LandKiribati
11%
LandKoeweit
11%
LandKosovo
11%
LandKroatië
11%
LandLaos
11%
LandLesotho
11%
LandLetland
11%
LandLibanon
11%
LandLiberia
11%
LandLibië
11%
LandLiechtenstein
11%
LandLitouwen
11%
LandLuxemburg
11%
LandMadagaskar
11%
LandMalawi
11%
LandMaldiven
11%
LandMaleisië
11%
LandMali
11%
LandMalta
11%
LandMarokko
11%
LandMarshalleilanden
11%
LandMauritanië
11%
LandMauritius
11%
LandMexico
11%
LandMicronesia
11%
LandMoldavië
11%
LandMonaco
11%
LandMongolië
11%
LandMontenegro
11%
LandMozambique
11%
LandMyanmar
11%
LandNamibië
11%
LandNauru
11%
LandNepal
11%
LandNicaragua
11%
LandNieuw-Zeeland
11%
LandNiger
11%
LandNigeria
11%
LandNoord-Korea
11%
LandNoord-Macedonië
11%
LandNoorwegen
11%
LandOeganda
11%
LandOekraïne
11%
LandOezbekistan
11%
LandOman
11%
LandOostenrijk
11%
LandOost-Timor
11%
LandPakistan
11%
LandPalau
11%
LandPanama
11%
LandPapoea-Nieuw-Guinea
11%
LandParaguay
11%
LandPeru
11%
LandPolen
11%
LandPortugal
11%
LandQatar
11%
LandRepubliek Congo
11%
LandRoemenië
11%
LandRwanda
11%
LandSaint Kitts en Nevis
11%
LandSaint Lucia
11%
LandSaint Vincent en de
Grenadines
11%
LandSalomonseilanden
11%
LandSamoa
11%
LandSan Marino
11%
LandSaoedi-Arabië
11%
LandSao Tomé en Principe
11%
LandSenegal
11%
LandServië
11%
LandSeychellen
11%
LandSierra Leone
11%
LandSingapore
11%
LandSlovenië
11%
LandSlowakije
11%
LandSoedan
11%
LandSomalië
11%
LandSri Lanka
11%
LandSuriname
11%
LandSyrië
11%
LandTadzjikistan
11%
LandTaiwan
11%
LandTanzania
11%
LandThailand
11%
LandTogo
11%
Land | Land Tonga
11%
LandTrinidad en Tobago
11%
LandTsjaad
11%
LandTsjechië
11%
LandTunesië
11%
LandTurkmenistan
11%
LandTuvalu
11%
LandVanuatu
11%
LandVaticaanstad
11%
LandVenezuela
11%
LandVerenigde Arabische
Emiraten
11%
LandVietnam
11%
LandZambia
11%
LandZimbabwe
11%
LandZuid-Afrika
11%
LandZuid-Korea
11%
LandZuid-Soedan
11%
LandZweden
11%
LandZwitserland
11%
LandAfghanistan
10%
LandAlbanië
10%
LandAngola
10%
LandAntigua en Barbuda
10%
LandArmenië
10%
LandAzerbeidzjan
10%
LandBahama's
10%
LandBahrein
10%
LandBangladesh
10%
LandBarbados
10%
LandBelarus
10%
LandBelize
10%
LandBenin
10%
LandBhutan
10%
LandBolivia
10%
LandBosnië
en Herzegovina
10%
LandBotswana
10%
LandBrunei
10%
LandBulgarije
10%
LandBurkina Faso
10%
LandBurundi
10%
LandCambodja
10%
LandCentraal-Afrikaanse
Republiek
10%
LandChili
10%
LandComoren
10%
LandCosta Rica
10%
LandCuba
10%
LandDemocratische Republiek Congo
10%
LandDjibouti
10%
LandDominica
10%
LandDominicaanse Republiek
10%
LandEcuador
10%
LandEgypte
10%
LandEl Salvador
10%
LandEquatoriaal-Guinea
10%
LandEritrea
10%
LandEstland
10%
LandEswatini
10%
LandEthiopië
10%
LandFiji
10%
LandFilipijnen
10%
LandGabon
10%
LandGambia
10%
LandGeheime Land
10%
LandGeorgië
10%
LandGhana
10%
LandGrenada
10%
LandGuatemala
10%
LandGuinee
10%
LandGuinee-Bissau
10%
LandGuyana
10%
LandHaïti
10%
LandHonduras
10%
LandHongarije
10%
LandIerland
10%
LandIJsland
10%
LandIndonesië
10%
LandIrak
10%
LandIsraël
10%
LandIvoorkust
10%
LandJamaica
10%
LandJapan
10%
LandJemen
10%
LandJordanië
10%
LandKaapverdië
10%
LandKameroen
10%
LandKenia
10%
LandKirgizië
10%
LandKiribati
10%
LandKoeweit
10%
LandKosovo
10%
LandKroatië
10%
LandLaos
10%
LandLesotho
10%
LandLetland
10%
LandLibanon
10%
LandLiberia
10%
LandLibië
10%
LandLitouwen
10%
LandLuxemburg
10%
LandMadagaskar
10%
LandMalawi
10%
LandMaldiven
10%
LandMaleisië
10%
LandMali
10%
LandMarshalleilanden
10%
LandMauritanië
10%
LandMauritius
10%
LandMexico
10%
LandMicronesia
10%
LandMoldavië
10%
LandMontenegro
10%
LandMozambique
10%
LandMyanmar
10%
LandNamibië
10%
LandNauru
10%
LandNepal
10%
LandNicaragua
10%
LandNiger
10%
LandNigeria
10%
LandNoord-Korea
10%
LandNoord-Macedonië
10%
LandOeganda
10%
LandOekraïne
10%
LandOezbekistan
10%
LandOman
10%
LandOostenrijk
10%
Land | Land Oost-Timor
10%
LandPakistan
10%
LandPalau
10%
LandPanama
10%
LandPapoea-Nieuw-Guinea
10%
LandPeru
10%
LandPolen
10%
LandPortugal
10%
LandQatar
10%
LandRepubliek Congo
10%
LandRoemenië
10%
LandRwanda
10%
LandSaint Kitts en Nevis
10%
LandSaint Lucia
10%
LandSaint Vincent en de
Grenadines
10%
LandSalomonseilanden
10%
LandSamoa
10%
LandSan Marino
10%
LandSaoedi-Arabië
10%
LandSao Tomé en Principe
10%
LandSenegal
10%
LandServië
10%
LandSeychellen
10%
LandSierra Leone
10%
LandSingapore
10%
LandSoedan
10%
LandSomalië
10%
LandSri Lanka
10%
LandSuriname
10%
LandSyrië
10%
LandTadzjikistan
10%
LandTaiwan
10%
LandTanzania
10%
LandThailand
10%
LandTogo
10%
LandTonga
10%
LandTrinidad en Tobago
10%
LandTsjaad
10%
LandTsjechië
10%
LandTurkije
10%
LandTurkmenistan
10%
LandTuvalu
10%
LandVanuatu
10%
LandVaticaanstad
10%
LandVenezuela
10%
LandVerenigde Arabische
Emiraten
10%
LandVerenigd Koninkrijk
10%
LandVietnam
10%
LandZambia
10%
LandZimbabwe
10%
LandZuid-Afrika
10%
LandZuid-Korea
10%
LandZuid-Soedan
10%
LandZweden
10%
LandAfghanistan
9%
LandAlbanië
9%
LandAlgerije
9%
LandAndorra
9%
LandAngola
9%
LandAntigua en Barbuda
9%
LandArgentinië
9%
LandArmenië
9%
LandAzerbeidzjan
9%
LandBahama's
9%
LandBahrein
9%
LandBarbados
9%
LandBelarus
9%
LandBelize
9%
LandBhutan
9%
LandBolivia
9%
LandBosnië
en Herzegovina
9%
LandBrunei
9%
LandBulgarije
9%
LandBurkina Faso
9%
LandBurundi
9%
LandCambodja
9%
LandCentraal-Afrikaanse
Republiek
9%
LandChili
9%
LandComoren
9%
LandCosta Rica
9%
LandCyprus
9%
LandDemocratische Republiek Congo
9%
LandDenemarken
9%
LandDjibouti
9%
LandDominica
9%
LandDominicaanse Republiek
9%
LandEcuador
9%
LandEl Salvador
9%
LandEquatoriaal-Guinea
9%
LandEritrea
9%
LandEstland
9%
LandEswatini
9%
LandFiji
9%
LandFinland
9%
LandFrankrijk
9%
LandGabon
9%
LandGambia
9%
LandGeheime Land
9%
LandGeorgië
9%
LandGhana
9%
LandGrenada
9%
LandGriekenland
9%
LandGuatemala
9%
LandGuinee
9%
LandGuinee-Bissau
9%
LandGuyana
9%
LandHaïti
9%
LandHonduras
9%
LandHongarije
9%
LandIerland
9%
LandIJsland
9%
LandIndia
9%
LandIrak
9%
LandIsraël
9%
LandIvoorkust
9%
LandJamaica
9%
LandJemen
9%
LandJordanië
9%
Land | Land Kaapverdië
9%
LandKameroen
9%
LandKirgizië
9%
LandKiribati
9%
LandKoeweit
9%
LandKosovo
9%
LandKroatië
9%
LandLaos
9%
LandLesotho
9%
LandLetland
9%
LandLibanon
9%
LandLiberia
9%
LandLibië
9%
LandLiechtenstein
9%
LandLitouwen
9%
LandLuxemburg
9%
LandMadagaskar
9%
LandMaldiven
9%
LandMaleisië
9%
LandMali
9%
LandMalta
9%
LandMarokko
9%
Land | Land Marshalleilanden
9%
LandMauritanië
9%
LandMauritius
9%
LandMicronesia
9%
LandMoldavië
9%
LandMonaco
9%
LandMongolië
9%
LandMontenegro
9%
LandMyanmar
9%
LandNamibië
9%
LandNauru
9%
LandNepal
9%
LandNicaragua
9%
LandNiger
9%
LandNoord-Macedonië
9%
LandNoorwegen
9%
LandOeganda
9%
LandOezbekistan
9%
LandOman
9%
LandOost-Timor
9%
LandPalau
9%
LandPanama
9%
LandPapoea-Nieuw-Guinea
9%
LandParaguay
9%
LandPolen
9%
LandPortugal
9%
LandQatar
9%
LandRepubliek Congo
9%
LandRoemenië
9%
LandRwanda
9%
LandSaint Kitts en Nevis
9%
LandSaint Lucia
9%
LandSaint Vincent en de
Grenadines
9%
LandSalomonseilanden
9%
LandSamoa
9%
LandSan Marino
9%
LandSao Tomé en Principe
9%
LandSenegal
9%
LandServië
9%
LandSeychellen
9%
LandSierra Leone
9%
LandSingapore
9%
LandSlovenië
9%
LandSlowakije
9%
LandSpanje
9%
LandSuriname
9%
LandTadzjikistan
9%
LandTaiwan
9%
LandTogo
9%
LandTonga
9%
LandTrinidad en Tobago
9%
LandTsjaad
9%
LandTsjechië
9%
LandTunesië
9%
LandTurkije
9%
LandTurkmenistan
9%
Land | Land Tuvalu
9%
LandUruguay
9%
LandVanuatu
9%
LandVaticaanstad
9%
LandVenezuela
9%
LandVerenigde Arabische
Emiraten
9%
LandVerenigd Koninkrijk
9%
LandZimbabwe
9%
LandZuid-Korea
9%
LandZweden
9%
LandZwitserland
9%
LandAfghanistan
8%
LandAlgerije
8%
LandAndorra
8%
LandAngola
8%
LandAntigua en Barbuda
8%
LandArgentinië
8%
LandArmenië
8%
LandAzerbeidzjan
8%
LandBahama's
8%
LandBahrein
8%
LandBelize
8%
LandBenin
8%
LandBolivia
8%
LandBosnië
en Herzegovina
8%
LandBotswana
8%
LandBrunei
8%
LandBurkina Faso
8%
LandBurundi
8%
LandCentraal-Afrikaanse
Republiek
8%
LandColombia
8%
LandComoren
8%
LandCosta Rica
8%
LandCyprus
8%
LandDemocratische Republiek Congo
8%
LandDjibouti
8%
LandDominica
8%
LandDominicaanse Republiek
8%
LandEcuador
8%
LandEquatoriaal-Guinea
8%
LandEritrea
8%
LandEstland
8%
LandEswatini
8%
LandEthiopië
8%
LandFiji
8%
LandFinland
8%
LandGabon
8%
LandGambia
8%
LandGeheime Land
8%
LandGeorgië
8%
LandGhana
8%
LandGrenada
8%
LandGriekenland
8%
LandGuatemala
8%
LandGuinee
8%
LandGuinee-Bissau
8%
LandGuyana
8%
LandHaïti
8%
LandHongarije
8%
LandIerland
8%
LandIJsland
8%
LandIndia
8%
LandIndonesië
8%
LandIrak
8%
LandIsraël
8%
LandJamaica
8%
LandJemen
8%
LandJordanië
8%
LandKameroen
8%
LandKenia
8%
LandKirgizië
8%
LandKiribati
8%
LandKoeweit
8%
LandKosovo
8%
LandLaos
8%
LandLesotho
8%
LandLetland
8%
LandLibanon
8%
LandLiberia
8%
LandLibië
8%
LandLiechtenstein
8%
LandLitouwen
8%
LandLuxemburg
8%
LandMadagaskar
8%
LandMalawi
8%
LandMaldiven
8%
LandMaleisië
8%
LandMalta
8%
LandMarokko
8%
LandMarshalleilanden
8%
LandMauritanië
8%
LandMauritius
8%
LandMicronesia
8%
LandMoldavië
8%
LandMonaco
8%
LandMongolië
8%
LandMontenegro
8%
LandMozambique
8%
LandNamibië
8%
LandNauru
8%
LandNepal
8%
LandNicaragua
8%
Land | Land Nieuw-Zeeland
8%
LandNigeria
8%
LandNoord-Macedonië
8%
LandNoorwegen
8%
LandOeganda
8%
LandOekraïne
8%
LandOezbekistan
8%
LandOman
8%
LandPalau
8%
LandPanama
8%
LandParaguay
8%
LandPeru
8%
LandPortugal
8%
LandQatar
8%
LandRepubliek Congo
8%
LandRoemenië
8%
LandRwanda
8%
LandSaint Kitts en Nevis
8%
LandSaint Lucia
8%
LandSaint Vincent en de
Grenadines
8%
LandSalomonseilanden
8%
LandSamoa
8%
LandSan Marino
8%
LandSaoedi-Arabië
8%
LandSao Tomé en Principe
8%
LandServië
8%
LandSeychellen
8%
LandSierra Leone
8%
LandSingapore
8%
LandSlovenië
8%
LandSlowakije
8%
LandSoedan
8%
LandSomalië
8%
LandSri Lanka
8%
LandSuriname
8%
LandSyrië
8%
LandTadzjikistan
8%
LandTaiwan
8%
LandTanzania
8%
LandThailand
8%
LandTogo
8%
LandTonga
8%
LandTrinidad en Tobago
8%
LandTsjaad
8%
LandTunesië
8%
LandTurkmenistan
8%
LandUruguay
8%
LandVanuatu
8%
LandVaticaanstad
8%
LandVenezuela
8%
LandZambia
8%
LandZimbabwe
8%
LandZuid-Afrika
8%
LandZuid-Korea
8%
LandZuid-Soedan
8%
LandZweden
8%
LandZwitserland
8%
LandAlgerije
7%
LandAndorra
7%
LandAngola
7%
LandAntigua en Barbuda
7%
LandArgentinië
7%
LandBahama's
7%
LandBangladesh
7%
LandBarbados
7%
LandBhutan
7%
LandBolivia
7%
LandBosnië
en Herzegovina
7%
LandBrunei
7%
LandBurkina Faso
7%
LandCambodja
7%
LandCentraal-Afrikaanse
Republiek
7%
LandChili
7%
LandComoren
7%
LandCosta Rica
7%
LandCuba
7%
LandCyprus
7%
LandDenemarken
7%
LandDominica
7%
LandDominicaanse Republiek
7%
LandEcuador
7%
LandEl Salvador
7%
LandEquatoriaal-Guinea
7%
LandEswatini
7%
LandEthiopië
7%
LandFiji
7%
LandFilipijnen
7%
LandGeheime Land
7%
LandGeorgië
7%
LandGrenada
7%
LandGriekenland
7%
LandGuatemala
7%
LandGuinee
7%
LandGuinee-Bissau
7%
LandGuyana
7%
LandHaïti
7%
LandHonduras
7%
LandHongarije
7%
LandIJsland
7%
LandIvoorkust
7%
LandJamaica
7%
LandKaapverdië
7%
LandKosovo
7%
LandKroatië
7%
LandLaos
7%
LandLesotho
7%
LandLetland
7%
LandLiberia
7%
LandLibië
7%
LandLitouwen
7%
LandMaldiven
7%
LandMaleisië
7%
LandMalta
7%
LandMarshalleilanden
7%
LandMauritanië
7%
LandMauritius
7%
LandMicronesia
7%
LandMonaco
7%
LandMongolië
7%
LandMontenegro
7%
LandMyanmar
7%
LandNauru
7%
LandNicaragua
7%
LandNieuw-Zeeland
7%
LandNiger
7%
LandNigeria
7%
LandNoord-Korea
7%
LandNoord-Macedonië
7%
LandOman
7%
LandOostenrijk
7%
LandOost-Timor
7%
LandPakistan
7%
LandPalau
7%
LandPanama
7%
LandPapoea-Nieuw-Guinea
7%
LandRoemenië
7%
LandSaint Kitts en Nevis
7%
LandSaint Lucia
7%
LandSaint Vincent en de
Grenadines
7%
LandSalomonseilanden
7%
Land Samoa
7%
LandSao Tomé en Principe
7%
LandSenegal
7%
LandSeychellen
7%
LandSierra Leone
7%
LandSingapore
7%
LandSoedan
7%
LandSomalië
7%
LandSuriname
7%
LandThailand
7%
LandTogo
7%
LandTonga
7%
LandTrinidad en Tobago
7%
LandTunesië
7%
LandTurkije
7%
LandTuvalu
7%
LandUruguay
7%
LandVanuatu
7%
LandVenezuela
7%
LandVerenigde Arabische
Emiraten
7%
LandVietnam
7%
LandZambia
7%
LandZuid-Soedan
7%
LandZweden
7%
LandAlbanië
6%
LandAndorra
6%
LandAngola
6%
LandArmenië
6%
LandAzerbeidzjan
6%
LandBahama's
6%
LandBahrein
6%
LandBangladesh
6%
LandBarbados
6%
LandBelize
6%
LandBenin
6%
LandBhutan
6%
LandBolivia
6%
LandBosnië
en Herzegovina
6%
LandBotswana
6%
LandBrunei
6%
LandBurkina Faso
6%
LandBurundi
6%
LandCambodja
6%
LandComoren
6%
LandCosta Rica
6%
LandCuba
6%
LandDemocratische Republiek Congo
6%
LandDenemarken
6%
LandDjibouti
6%
LandDominica
6%
LandDominicaanse Republiek
6%
LandEcuador
6%
LandEl Salvador
6%
LandEquatoriaal-Guinea
6%
LandEritrea
6%
LandEswatini
6%
LandFiji
6%
LandFilipijnen
6%
LandFinland
6%
LandGabon
6%
LandGambia
6%
LandGeheime Land
6%
Land | Land Ghana
6%
LandGrenada
6%
LandGriekenland
6%
LandGuatemala
6%
LandGuinee
6%
LandGuinee-Bissau
6%
LandGuyana
6%
LandHaïti
6%
LandHonduras
6%
LandHongarije
6%
LandIndonesië
6%
LandIrak
6%
LandIran
6%
LandIvoorkust
6%
LandJemen
6%
LandJordanië
6%
LandKaapverdië
6%
LandKenia
6%
LandKirgizië
6%
LandKiribati
6%
LandKoeweit
6%
LandKosovo
6%
LandKroatië
6%
LandLaos
6%
LandLetland
6%
LandLibanon
6%
LandLiberia
6%
LandLibië
6%
LandLiechtenstein
6%
LandLitouwen
6%
LandLuxemburg
6%
LandMadagaskar
6%
LandMaldiven
6%
LandMali
6%
LandMarokko
6%
LandMarshalleilanden
6%
LandMauritanië
6%
LandMauritius
6%
LandMicronesia
6%
LandMozambique
6%
LandMyanmar
6%
LandNauru
6%
LandNepal
6%
LandNicaragua
6%
LandNieuw-Zeeland
6%
LandNiger
6%
LandNigeria
6%
LandNoord-Korea
6%
LandNoorwegen
6%
LandOeganda
6%
LandOezbekistan
6%
LandOman
6%
LandOostenrijk
6%
LandOost-Timor
6%
LandPakistan
6%
LandPalau
6%
LandPanama
6%
LandPapoea-Nieuw-Guinea
6%
LandPeru
6%
LandPortugal
6%
LandQatar
6%
LandRoemenië
6%
LandRwanda
6%
LandSaint Kitts en Nevis
6%
LandSaint Lucia
6%
LandSaint Vincent en de
Grenadines
6%
LandSalomonseilanden
6%
LandSamoa
6%
LandSao Tomé en Principe
6%
LandSenegal
6%
LandServië
6%
LandSeychellen
6%
LandSierra Leone
6%
LandSingapore
6%
LandSoedan
6%
LandSri Lanka
6%
LandSuriname
6%
LandSyrië
6%
LandTadzjikistan
6%
LandTaiwan
6%
LandTanzania
6%
LandThailand
6%
LandTogo
6%
LandTonga
6%
LandTrinidad en Tobago
6%
LandTsjaad
6%
LandTunesië
6%
LandTurkmenistan
6%
LandTuvalu
6%
LandUruguay
6%
LandVanuatu
6%
LandVenezuela
6%
LandVerenigde Arabische
Emiraten
6%
LandVietnam
6%
LandZimbabwe
6%
LandZuid-Korea
6%
LandZuid-Soedan
6%
LandZwitserland
6%
LandAlbanië
5%
LandAlgerije
5%
LandAndorra
5%
LandAngola
5%
LandAntigua en Barbuda
5%
LandArgentinië
5%
LandAzerbeidzjan
5%
LandBahama's
5%
LandBahrein
5%
LandBarbados
5%
LandBelize
5%
LandBenin
5%
LandBhutan
5%
LandBosnië
en Herzegovina
5%
LandBotswana
5%
LandBrunei
5%
LandBulgarije
5%
LandBurkina Faso
5%
LandBurundi
5%
LandCambodja
5%
LandCentraal-Afrikaanse
Republiek
5%
LandChili
5%
LandColombia
5%
LandComoren
5%
LandCosta Rica
5%
LandCuba
5%
LandCyprus
5%
LandDjibouti
5%
LandDominica
5%
LandDominicaanse Republiek
5%
LandEl Salvador
5%
LandEquatoriaal-Guinea
5%
LandEritrea
5%
LandEswatini
5%
LandEthiopië
5%
LandFilipijnen
5%
LandGabon
5%
LandGambia
5%
LandGeheime Land
5%
LandGhana
5%
LandGrenada
5%
LandGuinee
5%
LandGuinee-Bissau
5%
LandGuyana
5%
LandHaïti
5%
LandHonduras
5%
LandHongarije
5%
LandIerland
5%
LandIsraël
5%
LandIvoorkust
5%
LandJamaica
5%
LandKaapverdië
5%
LandKameroen
5%
LandKenia
5%
LandKiribati
5%
LandKoeweit
5%
LandKroatië
5%
LandLaos
5%
LandLesotho
5%
LandLetland
5%
LandLiberia
5%
LandLibië
5%
LandMadagaskar
5%
LandMalawi
5%
LandMaldiven
5%
LandMaleisië
5%
LandMali
5%
LandMalta
5%
LandMarshalleilanden
5%
LandMauritanië
5%
LandMauritius
5%
LandMicronesia
5%
LandMoldavië
5%
LandMonaco
5%
LandMontenegro
5%
LandMozambique
5%
LandNamibië
5%
LandNauru
5%
LandNepal
5%
LandNicaragua
5%
LandNieuw-Zeeland
5%
LandNiger
5%
LandNigeria
5%
LandNoord-Korea
5%
LandNoord-Macedonië
5%
LandOeganda
5%
LandOezbekistan
5%
LandOost-Timor
5%
LandPakistan
5%
LandPalau
5%
LandPanama
5%
LandPapoea-Nieuw-Guinea
5%
LandParaguay
5%
LandPeru
5%
LandPolen
5%
LandQatar
5%
LandRoemenië
5%
LandSaint Kitts en Nevis
5%
LandSaint Lucia
5%
LandSaint Vincent en de
Grenadines
5%
LandSalomonseilanden
5%
Land | Land Samoa
5%
LandSan Marino
5%
LandSao Tomé en Principe
5%
LandSenegal
5%
LandServië
5%
LandSeychellen
5%
LandSierra Leone
5%
LandSlovenië
5%
LandSlowakije
5%
LandSomalië
5%
LandSri Lanka
5%
LandSuriname
5%
LandSyrië
5%
LandTanzania
5%
LandTogo
5%
LandTonga
5%
LandTrinidad en Tobago
5%
LandTsjaad
5%
LandTsjechië
5%
LandTunesië
5%
LandTurkije
5%
LandTuvalu
5%
LandUruguay
5%
LandVanuatu
5%
LandVaticaanstad
5%
LandVenezuela
5%
LandVerenigde Arabische
Emiraten
5%
LandVietnam
5%
LandZambia
5%
LandZimbabwe
5%
LandZuid-Korea
5%
LandZuid-Soedan
5%
LandZwitserland
5%
LandAlgerije
4%
LandAndorra
4%
LandArmenië
4%
LandAzerbeidzjan
4%
LandBahama's
4%
LandBahrein
4%
LandBelarus
4%
LandBurundi
4%
LandChili
4%
LandCosta Rica
4%
LandCuba
4%
LandDominicaanse Republiek
4%
LandGhana
4%
Land | Land Guatemala
4%
LandIJsland
4%
LandIndonesië
4%
LandJamaica
4%
LandKenia
4%
LandKirgizië
4%
LandKiribati
4%
LandKoeweit
4%
LandKosovo
4%
LandLibië
4%
LandMali
4%
LandMonaco
4%
LandOekraïne
4%
LandRepubliek Congo
4%
LandRwanda
4%
LandSenegal
4%
LandSlovenië
4%
LandTaiwan
4%
LandTurkije
4%
LandUruguay
4%
LandVietnam
4%
LandZuid-Korea
4%
LandZweden
4%
LandAfghanistan
3%
LandAlbanië
3%
LandAlgerije
3%
LandAndorra
3%
LandAngola
3%
LandAntigua en Barbuda
3%
LandBahama's
3%
LandBahrein
3%
LandBangladesh
3%
LandBarbados
3%
LandBolivia
3%
LandBotswana
3%
LandBrunei
3%
LandBurkina Faso
3%
LandBurundi
3%
LandCambodja
3%
LandCentraal-Afrikaanse
Republiek
3%
LandComoren
3%
LandDemocratische Republiek Congo
3%
LandDominicaanse Republiek
3%
LandEcuador
3%
LandEgypte
3%
LandEl Salvador
3%
LandEquatoriaal-Guinea
3%
LandEswatini
3%
LandFiji
3%
LandFilipijnen
3%
LandGabon
3%
LandGambia
3%
LandGeheime Land
3%
LandGriekenland
3%
LandGuinee
3%
LandGuinee-Bissau
3%
LandGuyana
3%
LandHaïti
3%
LandHonduras
3%
LandHongarije
3%
LandIerland
3%
LandIndia
3%
LandIsraël
3%
LandIvoorkust
3%
LandJamaica
3%
LandJemen
3%
LandKaapverdië
3%
LandKameroen
3%
LandKazachstan
3%
LandKenia
3%
LandKroatië
3%
LandLesotho
3%
LandLetland
3%
LandLibanon
3%
LandLiberia
3%
LandLibië
3%
LandLiechtenstein
3%
LandLitouwen
3%
LandLuxemburg
3%
LandMadagaskar
3%
LandMaldiven
3%
LandMaleisië
3%
LandMali
3%
LandMalta
3%
LandMauritanië
3%
LandMauritius
3%
LandMicronesia
3%
LandMongolië
3%
LandMontenegro
3%
LandMozambique
3%
LandMyanmar
3%
LandNamibië
3%
LandNauru
3%
LandNicaragua
3%
LandNieuw-Zeeland
3%
LandNiger
3%
LandNigeria
3%
LandNoord-Korea
3%
LandNoord-Macedonië
3%
LandOeganda
3%
LandOekraïne
3%
LandOman
3%
LandOostenrijk
3%
Land | Land Oost-Timor
3%
LandPalau
3%
LandPanama
3%
LandPapoea-Nieuw-Guinea
3%
LandParaguay
3%
LandPeru
3%
LandRepubliek Congo
3%
LandRoemenië
3%
LandRwanda
3%
LandSaint Kitts en Nevis
3%
LandSaint Lucia
3%
LandSaint Vincent en de
Grenadines
3%
LandSalomonseilanden
3%
Land | Land Samoa
3%
LandSan Marino
3%
LandSaoedi-Arabië
3%
LandSao Tomé en Principe
3%
LandSenegal
3%
LandServië
3%
LandSeychellen
3%
LandSierra Leone
3%
LandSingapore
3%
LandSlowakije
3%
LandSoedan
3%
LandSomalië
3%
LandSri Lanka
3%
LandSyrië
3%
LandTadzjikistan
3%
LandTaiwan
3%
LandTanzania
3%
LandThailand
3%
LandTogo
3%
LandTonga
3%
LandTrinidad en Tobago
3%
LandTsjaad
3%
LandTsjechië
3%
LandTunesië
3%
LandTurkmenistan
3%
LandTuvalu
3%
LandVanuatu
3%
LandVaticaanstad
3%
LandVerenigde Arabische
Emiraten
3%
LandVietnam
3%
LandZambia
3%
LandZimbabwe
3%
LandZwitserland
3%
LandArmenië
2%
LandAzerbeidzjan
2%
LandBahrein
2%
LandBangladesh
2%
LandBarbados
2%
LandBelarus
2%
LandBenin
2%
LandBhutan
2%
LandBosnië
en Herzegovina
2%
LandBotswana
2%
LandBrunei
2%
LandBulgarije
2%
LandBurkina Faso
2%
LandBurundi
2%
LandCambodja
2%
LandCentraal-Afrikaanse
Republiek
2%
LandColombia
2%
LandComoren
2%
LandCyprus
2%
LandDjibouti
2%
LandEquatoriaal-Guinea
2%
LandEritrea
2%
LandEstland
2%
LandEswatini
2%
LandEthiopië
2%
LandFinland
2%
LandGabon
2%
LandGeheime Land
2%
LandGeorgië
2%
LandGhana
2%
LandGuinee
2%
LandGuinee-Bissau
2%
LandHongarije
2%
LandIrak
2%
LandIran
2%
LandIvoorkust
2%
LandJamaica
2%
LandJemen
2%
LandJordanië
2%
LandKaapverdië
2%
LandKameroen
2%
LandKazachstan
2%
LandKirgizië
2%
LandKiribati
2%
LandKoeweit
2%
LandKosovo
2%
LandLesotho
2%
LandLetland
2%
LandLiberia
2%
LandLiechtenstein
2%
LandLitouwen
2%
LandMadagaskar
2%
LandMalawi
2%
LandMalta
2%
LandMarshalleilanden
2%
LandMauritius
2%
LandMoldavië
2%
LandMozambique
2%
LandMyanmar
2%
LandNamibië
2%
LandOeganda
2%
LandOekraïne
2%
LandOezbekistan
2%
LandOost-Timor
2%
LandPalau
2%
LandQatar
2%
LandSaint Lucia
2%
LandSalomonseilanden
2%
LandSaoedi-Arabië
2%
LandSeychellen
2%
LandSierra Leone
2%
LandSlovenië
2%
LandSlowakije
2%
LandSoedan
2%
LandSomalië
2%
LandSri Lanka
2%
LandSyrië
2%
LandTanzania
2%
LandTonga
2%
LandTrinidad en Tobago
2%
LandTsjechië
2%
LandTurkmenistan
2%
LandUruguay
2%
LandVanuatu
2%
LandVaticaanstad
2%
LandVenezuela
2%
LandVerenigde Arabische
Emiraten
2%
LandZambia
2%
LandZimbabwe
2%
LandZuid-Korea
2%
LandZuid-Soedan
2%
LandAfghanistan
1%
LandAlbanië
1%
LandAntigua en Barbuda
1%
LandArmenië
1%
LandAzerbeidzjan
1%
LandBahama's
1%
LandBahrein
1%
LandBangladesh
1%
LandBarbados
1%
LandBelarus
1%
LandBelize
1%
LandBenin
1%
LandBhutan
1%
LandBolivia
1%
LandBosnië
en Herzegovina
1%
LandBotswana
1%
LandBrunei
1%
LandBulgarije
1%
LandBurkina Faso
1%
LandBurundi
1%
LandCambodja
1%
LandColombia
1%
LandComoren
1%
LandCosta Rica
1%
LandCyprus
1%
LandDjibouti
1%
LandDominica
1%
LandEcuador
1%
LandEl Salvador
1%
LandEquatoriaal-Guinea
1%
LandEritrea
1%
LandEstland
1%
LandEswatini
1%
LandEthiopië
1%
LandFiji
1%
LandFinland
1%
LandGabon
1%
LandGambia
1%
LandGeheime Land
1%
LandGeorgië
1%
LandGrenada
1%
LandGuatemala
1%
LandGuinee
1%
LandGuinee-Bissau
1%
LandGuyana
1%
LandHaïti
1%
LandHonduras
1%
LandHongarije
1%
LandIran
1%
LandIsraël
1%
LandIvoorkust
1%
LandJordanië
1%
LandKaapverdië
1%
LandKazachstan
1%
LandKirgizië
1%
LandKiribati
1%
LandKoeweit
1%
LandKosovo
1%
LandKroatië
1%
LandLaos
1%
LandLesotho
1%
LandLetland
1%
LandLiechtenstein
1%
LandLitouwen
1%
LandMadagaskar
1%
LandMaldiven
1%
LandMalta
1%
LandMarshalleilanden
1%
LandMauritanië
1%
LandMauritius
1%
LandMicronesia
1%
LandMoldavië
1%
LandMontenegro
1%
LandMozambique
1%
LandMyanmar
1%
LandNauru
1%
LandNepal
1%
LandNicaragua
1%
LandNieuw-Zeeland
1%
LandNoord-Korea
1%
LandNoord-Macedonië
1%
LandNoorwegen
1%
LandOeganda
1%
LandOezbekistan
1%
LandOman
1%
LandOost-Timor
1%
LandPakistan
1%
LandPalau
1%
LandPapoea-Nieuw-Guinea
1%
LandParaguay
1%
LandQatar
1%
LandRoemenië
1%
LandRwanda
1%
LandSaint Kitts en Nevis
1%
LandSaint Lucia
1%
LandSaint Vincent en de
Grenadines
1%
LandSalomonseilanden
1%
LandSamoa
1%
LandSan Marino
1%
LandSeychellen
1%
LandSierra Leone
1%
LandSingapore
1%
LandSlowakije
1%
LandSoedan
1%
LandSomalië
1%
LandSri Lanka
1%
LandSuriname
1%
LandSyrië
1%
LandTadzjikistan
1%
LandTaiwan
1%
LandTogo
1%
LandTonga
1%
LandTrinidad en Tobago
1%
LandTsjechië
1%
LandTuvalu
1%
LandUruguay
1%
Land | Land Vanuatu
1%
LandVaticaanstad
1%
LandVenezuela
1%
LandVerenigde Arabische
Emiraten
1%
LandZambia
1%
LandZuid-Soedan
1%
LandAlbanië
0%
LandAlgerije
0%
LandAntigua en Barbuda
0%
LandArmenië
0%
LandAzerbeidzjan
0%
LandBahrein
0%
LandBangladesh
0%
LandBarbados
0%
LandBelarus
0%
LandBelize
0%
LandBenin
0%
LandBhutan
0%
LandBosnië
en Herzegovina
0%
LandBotswana
0%
LandBurkina Faso
0%
LandBurundi
0%
LandCentraal-Afrikaanse
Republiek
0%
LandComoren
0%
LandCyprus
0%
LandDjibouti
0%
LandEl Salvador
0%
LandEquatoriaal-Guinea
0%
LandEritrea
0%
LandEstland
0%
LandEswatini
0%
LandFiji
0%
LandGambia
0%
LandGeheime Land
0%
LandGeorgië
0%
LandGhana
0%
LandGuinee
0%
LandGuinee-Bissau
0%
LandIrak
0%
LandIsraël
0%
LandIvoorkust
0%
LandJordanië
0%
LandKameroen
0%
LandKirgizië
0%
LandLesotho
0%
LandLetland
0%
LandLibanon
0%
LandLiberia
0%
LandLiechtenstein
0%
LandLitouwen
0%
LandMalawi
0%
LandMaldiven
0%
LandMarshalleilanden
0%
LandMauritius
0%
LandMoldavië
0%
LandMontenegro
0%
LandNamibië
0%
LandNauru
0%
LandNepal
0%
LandNigeria
0%
LandNoord-Macedonië
0%
LandOezbekistan
0%
LandPakistan
0%
LandPalau
0%
LandPapoea-Nieuw-Guinea
0%
LandParaguay
0%
LandQatar
0%
LandRoemenië
0%
LandRwanda
0%
LandSaint Vincent en de
Grenadines
0%
LandSalomonseilanden
0%
LandSamoa
0%
LandSan Marino
0%
LandSao Tomé en Principe
0%
LandSenegal
0%
LandServië
0%
LandSeychellen
0%
LandSierra Leone
0%
LandSri Lanka
0%
LandTadzjikistan
0%
LandTaiwan
0%
LandTanzania
0%
LandTonga
0%
LandTrinidad en Tobago
0%
LandTsjaad
0%
LandTsjechië
0%
LandTurkmenistan
0%
LandTuvalu
0%
LandVanuatu
0%
LandVaticaanstad
0%
LandVerenigde Arabische
Emiraten
0%
LandZimbabwe
0%
LandZuid-Soedan
0%

Scoreverdeling

Percentiel versus Aantal Correcte Antwoorden

Procent van Mensen met Elke Score

Uw Scoregeschiedenis

U heeft deze quiz nog niet genomen